Terraria All Items - Statistics

General Stats
  • This quiz has been taken 128 times
  • The average score is 213 of 5455
Answer Stats
Hint Answer % Correct
9 Wood
69%
5308 r/Terraria
61%
2 Dirt Block
60%
3507 Copper Shortsword
56%
3 Stone Block
50%
12 Copper Ore
46%
184 Star
46%
4956 Zenith
46%
11 Iron Ore
40%
8 Torch
40%
3509 Copper Pickaxe
39%
178 Ruby
39%
3506 Copper Axe
37%
13 Gold Ore
37%
2772 | 2773 | 2775 | +26 others n/a (No official name)
37%
23 Gel
36%
699 Tin Ore
36%
182 Diamond
34%
173 Obsidian
33%
751 Cloud
30%
20 Copper Bar
30%
669 Fish
30%
22 Iron Bar
30%
757 Terra Blade
30%
3508 Copper Broadsword
29%
179 Emerald
29%
33 Furnace
29%
170 Glass
29%
19 Gold Bar
29%
3063 Meowmere
29%
116 Meteorite
29%
2503 Boreal Wood
27%
48 Chest
27%
73 Gold Coin
27%
169 Sand Block
27%
283 Seed
27%
65 Starfury
27%
25 Wooden Door
27%
32 Wooden Table
27%
93 Wood Wall
27%
36 Work Bench
27%
2002 Worm
27%
181 Amethyst
26%
154 Bone
26%
276 Cactus
26%
700 Lead Ore
26%
96 Musket
26%
2268 Pho
26%
702 Platinum Ore
26%
177 Sapphire
26%
703 Tin Bar
26%
180 Topaz
26%
701 Tungsten Ore
26%
71 Copper Coin
24%
174 Hellstone
24%
5 Mushroom
24%
193 Obsidian Skull
24%
14 Silver Ore
24%
43 Suspicious Looking Eye
24%
206 Water Bucket
24%
166 Bomb
23%
149 Book
23%
31 Bottle
23%
880 Crimtane Ore
23%
619 Ebonwood
23%
58 Heart
23%
664 Ice Block
23%
207 Lava Bucket
23%
2504 Palm Wood
23%
72 Silver Coin
23%
1305 The Axe
23%
34 Wooden Chair
23%
27 Acorn
21%
3124 Cell Phone
21%
75 Fallen Star
21%
97 Musket Ball
21%
621 Pearlwood
21%
3111 Pink Gel
21%
706 Platinum Bar
21%
74 Platinum Coin
21%
593 Snow Block
21%
210 Vine
21%
39 Wooden Bow
21%
999 Amber
20%
4009 Apple
20%
2019 Bunny
20%
966 Campfire
20%
364 Cobalt Ore
20%
167 Dynamite
20%
168 Grenade
20%
188 Healing Potion
20%
54 Hermes Boots
20%
6 Iron Shortsword
20%
38 Lens
20%
28 Lesser Healing Potion
20%
29 Life Crystal
20%
189 Mana Potion
20%
176 Mud Block
20%
273 Night's Edge
20%
705 Tungsten Bar
20%
530 Wire
20%
24 Wooden Sword
20%
94 Wood Platform
20%
391 Adamantite Bar
19%
366 Adamantite Ore
19%
1613 Ankh Shield
19%
4283 Banana
19%
947 Chlorophyte Ore
19%
381 Cobalt Bar
19%
150 Cobweb
19%
89 Copper Helmet
19%
1257 Crimtane Bar
19%
306 Gold Chest
19%
50 Magic Mirror
19%
98 Minishark
19%
965 Rope
19%
225 Silk
19%
21 Silver Bar
19%
26 Stone Wall
19%
3292 The Eye of Cthulhu
19%
1106 Titanium Ore
19%
121 Volcano
19%
4564 Bamboo
17%
85 Chain
17%
3505 Copper Hammer
17%
205 Empty Bucket
17%
368 Excalibur
17%
62 Grass Seeds
17%
499 Greater Healing Potion
17%
4 Iron Broadsword
17%
1 Iron Pickaxe
17%
704 Lead Bar
17%
332 Loom
17%
109 Mana Crystal
17%
117 Meteorite Bar
17%
365 Mythril Ore
17%
1725 Pumpkin
17%
3271 Sandstone Block
17%
520 Soul of Light
17%
521 Soul of Night
17%
3065 Star Wrath
17%
237 Sunglasses
17%
675 True Night's Edge
17%
40 Wooden Arrow
17%
1612 Ankh Charm
16%
1715 Bar
16%
133 Clay Block
16%
53 Cloud in a Bottle
16%
313 Daybloom
16%
30 Dirt Wall
16%
183 Glowing Mushroom
16%
3519 Gold Shortsword
16%
2895 Gold Worm
16%
267 Guide Voodoo Doll
16%
35 Iron Anvil
16%
99 Iron Bow
16%
292 Ironskin Potion
16%
259 Leather
16%
4291 Lemon
16%
3460 Luminite
16%
533 Megashark
16%
382 Mythril Bar
16%
1104 Palladium Ore
16%
3123 PDA
16%
620 Rich Mahogany
16%
278 Silver Bullet
16%
548 Soul of Might
16%
3459 Stardust Fragment
16%
209 Stinger
16%
5000 Terraspark Boots
16%
1198 Titanium Bar
16%
674 True Excalibur
16%
285 Aglet
14%
172 Ash Block
14%
236 Black Lens
14%
315 Blinkroot
14%
1570 Broken Hero Sword
14%
1006 Chlorophyte Bar
14%
3504 Copper Bow
14%
989 Enchanted Sword
14%
2277 Gi
14%
3516 Gold Bow
14%
500 Greater Mana Potion
14%
508 Harp
14%
175 Hellstone Bar
14%
974 Ice Torch
14%
1332 Ichor
14%
2880 Influx Waver
14%
10 Iron Axe
14%
3541 Last Prism
14%
716 Lead Anvil
14%
110 Lesser Mana Potion
14%
898 Lightning Boots
14%
3467 Luminite Bar
14%
314 Moonglow
14%
155 Muramasa
14%
525 Mythril Anvil
14%
3457 Nebula Fragment
14%
1105 Orichalcum Ore
14%
128 Rocket Boots
14%
911 Shadewood
14%
5437 Shellphone
14%
2316 Shrimp
14%
3458 Solar Fragment
14%
575 Soul of Flight
14%
547 Soul of Fright
14%
549 Soul of Sight
14%
2018 Squirrel
14%
3531 Stardust Dragon Staff
14%
235 Sticky Bomb
14%
63 Sunflower
14%
5005 Terraprisma
14%
4731 Terra Toilet
14%
903 The Plan
14%
3456 Vortex Fragment
14%
165 Water Bolt
14%
317 Waterleaf
14%
196 Wooden Hammer
14%
212 Anklet of the Wind
13%
224 Bed
13%
2015 Bird
13%
190 Blade of Grass
13%
1683 Blue Slime Banner
13%
4386 Crimson Torch
13%
307 Daybloom Seeds
13%
316 Deathweed
13%
57 Demonite Bar
13%
56 Demonite Ore
13%
18 Depth Meter
13%
4924 Eye of Cthulhu Relic
13%
318 Fireblossom
13%
264 Gold Crown
13%
261 Goldfish
13%
17 Gold Watch
13%
129 Gray Brick
13%
1011 Green Dye
13%
1225 Hallowed Bar
13%
118 Hook
13%
90 Iron Helmet
13%
46 Light's Bane
13%
397 Obsidian Shield
13%
1191 Orichalcum Bar
13%
1184 Palladium Bar
13%
87 Piggy Bank
13%
3084 Radar
13%
765 Rain Cloud
13%
2350 Recall Potion
13%
949 Snowball
13%
3501 Tin Shortsword
13%
358 Toilet
13%
311 Waterleaf Seeds
13%
3278 Wooden Yoyo
13%
727 Wood Helmet
13%
1236 Amethyst Hook
11%
493 Angel Wings
11%
886 Armor Polish
11%
336 Bathtub
11%
887 Bezoar
11%
281 Blowpipe
11%
1015 Blue Dye
11%
4820 Bottomless Lava Bucket
11%
5364 Bottomless Shimmer Bucket
11%
3031 Bottomless Water Bucket
11%
540 Boulder
11%
1991 Bug Net
11%
4015 Burger
11%
156 Cobalt Shield
11%
393 Compass
11%
487 Crystal Ball
11%
522 Cursed Flame
11%
1508 Ectoplasm
11%
320 Feather
11%
312 Fireblossom Seeds
11%
41 Flaming Arrow
11%
1862 Frostspark Boots
11%
37 Goggles
11%
2890 Gold Bunny
11%
3564 Gold Squirrel
11%
395 GPS
11%
1727 Hay
11%
1859 Heart Lantern
11%
1124 Hive
11%
1125 Honey Block
11%
950 Ice Skates
11%
331 Jungle Spores
11%
3492 Lead Bow
11%
933 Leaf Wand
11%
1291 Life Fruit
11%
832 Living Wood Wand
11%
4263 Magic Conch
11%
1220 Orichalcum Anvil
11%
1294 Picksaw
11%
501 Pixie Dust
11%
709 Platinum Watch
11%
5395 Poo
11%
1007 Red Dye
11%
3090 Royal Gel
11%
2298 Salmon
11%
1553 S.D.M.G.
11%
3018 Seedler
11%
319 Shark Fin
11%
3097 Shield of Cthulhu
11%
159 Shiny Red Balloon
11%
2358 Shiverthorn
11%
424 Silt Block
11%
3513 Silver Shortsword
11%
560 Slime Crown
11%
147 Spike
11%
197 Star Cannon
11%
1431 Star in a Bottle
11%
290 Swiftness Potion
11%
1263 Teleporter
11%
1221 Titanium Forge
11%
3486 Tungsten Bow
11%
946 Umbrella
11%
3224 Worm Scarf
11%
1009 Yellow Dye
11%
3612 Yellow Wrench
11%
849 Actuator
10%
524 Adamantite Forge
10%
3549 Ancient Manipulator
10%
5215 Ash Wood
10%
2712 'A' Statue
10%
1123 Bee Keeper
10%
888 Blindfold
10%
309 Blinkroot Seeds
10%
795 Blood Butcherer
10%
850 Blue Wrench
10%
1169 Bone Key
10%
3116 Bouncy Grenade
10%
3223 Brain of Confusion
10%
752 Cloud Wall
10%
145 Copper Brick
10%
76 Copper Greaves
10%
275 Coral
10%
539 Dart Trap
10%
3543 Daybreak
10%
310 Deathweed Seeds
10%
1241 Diamond Hook
10%
1287 Diamond Robe
10%
744 Diamond Staff
10%
2123 Duck
10%
1239 Emerald Hook
10%
1360 Eye of Cthulhu Trophy
10%
1724 Fart in a Jar
10%
1992 Firefly
10%
2484 Fishron
10%
392 Glass Wall
10%
2889 Gold Bird
10%
141 Gold Brick
10%
3520 Gold Broadsword
10%
1336 Golden Shower
10%
3086 Granite Block
10%
2928 Green Slime Banner
10%
3272 Hardened Sand Block
10%
221 Hellforge
10%
214 Hellstone Brick
10%
1128 Honey Bucket
10%
1532 Ice Chest
10%
51 Jester's Arrow
10%
195 Jungle Grass Seeds
10%
4388 Jungle Torch
10%
2489 King Slime Trophy
10%
908 Lava Waders
10%
3495 Lead Shortsword
10%
4672 Leather Whip
10%
158 Lucky Horseshoe
10%
544 Mechanical Eye
10%
2343 Minecart
10%
308 Moonglow Seeds
10%
1008 Orange Dye
10%
4293 Peach
10%
1018 Pink Dye
10%
3480 Platinum Bow
10%
715 Platinum Crown
10%
1016 Purple Dye
10%
367 Pwnhammer
10%
491 Ranger Emblem
10%
131 Red Brick
10%
509 Red Wrench
10%
1326 Rod of Discord
10%
743 Ruby Staff
10%
857 Sandstorm in a Bottle
10%
363 Sawmill
10%
4423 Scarab Bomb
10%
4425 Shark Bait
10%
3514 Silver Broadsword
10%
1363 Skeletron Trophy
10%
1274 Skull
10%
1309 Slime Staff
10%
280 Spear
10%
3261 Spectre Bar
10%
405 Spectre Boots
10%
2896 Sticky Dynamite
10%
3544 Super Healing Potion
10%
3095 Tally Counter
10%
3389 Terrarian
10%
2208 Terrarium
10%
3498 Tin Bow
10%
3502 Tin Broadsword
10%
321 Tombstone
10%
2673 Truffle Worm
10%
2624 Tsunami
10%
708 Tungsten Watch
10%
892 Vitamins
10%
238 Wizard Hat
10%
729 Wood Greaves
10%
1133 Abeemination
9%
5338 Aegis Fruit
9%
4256 Amber Robe
9%
739 Amethyst Staff
9%
52 Angel Statue
9%
2290 Bass
9%
859 Beach Ball
9%
723 Beam Sword
9%
1130 Beenade
9%
507 Bell
9%
1050 Black Dye
9%
2436 Blue Jellyfish
9%
427 Blue Torch
9%
964 Boomstick
9%
2561 Boreal Wood Door
9%
126 Bottled Water
9%
5302 Bottomless Honey Bucket
9%
3115 Bouncy Bomb
9%
2874 Brown Dye
9%
3214 Bubble
9%
881 Cactus Sword
9%
4345 Can Of Worms
9%
603 Carrot
9%
779 Clentaminator
9%
953 Climbing Claws
9%
1307 Clothier Voodoo Doll
9%
3262 Code 1
9%
3284 Code 2
9%
1344 Cog
9%
15 Copper Watch
9%
502 Crystal Shard
9%
3988 Dead Man's Chest
9%
4819 Demon Conch
9%
492 Demon Wings
9%
4714 Desert Key
9%
4856 Diamond Gemcorn
9%
854 Discount Card
9%
3119 DPS Meter
9%
2260 Dynasty Wood
9%
61 Ebonstone Block
9%
997 Extractinator
9%
4912 Firecracker
9%
2609 Fishron Wings
9%
931 Flare
9%
4660 Fore!
9%
2121 Frog
9%
3121 Goblin Tech
9%
3518 Gold Axe
9%
3885 Golden Chest
9%
4274 Gold Goldfish
9%
1176 Gravestone
9%
1536 Hallowed Key
9%
1908 Holly
9%
1132 Honey Comb
9%
1866 Hoverboard
9%
3199 Ice Mirror
9%
1140 Iron Door
9%
7 Iron Hammer
9%
4372 Ivy
9%
748 Jetpack
9%
4929 King Slime Relic
9%
4361 Ladybug
9%
906 Lava Charm
9%
4049 Lawn Mower
9%
3496 Lead Broadsword
9%
1101 Lihzahrd Brick
9%
557 Mechanical Skull
9%
556 Mechanical Worm
9%
902 Medicated Bandage
9%
3102 Metal Detector
9%
2003 Mouse
9%
4395 Owl
9%
3540 Phantasm
9%
139 Pink Brick
9%
4326 Plate
9%
1869 Present
9%
1787 Pumpkin Pie
9%
662 Rainbow Brick
9%
3285 Rally
9%
2341 Reaver Shark
9%
665 Red's Wings
9%
4855 Ruby Gemcorn
9%
1240 Ruby Hook
9%
1286 Ruby Robe
9%
486 Ruler
9%
4269 Sanguine Staff
9%
1284 Sapphire Robe
9%
741 Sapphire Staff
9%
115 Shadow Orb
9%
1680 Shark Banner
9%
2357 Shiverthorn Seeds
9%
534 Shotgun
9%
1552 Shroomite Bar
9%
3512 Silver Axe
9%
3510 Silver Bow
9%
78 Silver Greaves
9%
3515 Silver Pickaxe
9%
16 Silver Watch
9%
1681 Skeleton Banner
9%
762 Slime Block
9%
2430 Slimy Saddle
9%
1254 Sniper Rifle
9%
998 Solidifier
9%
296 Spelunker Potion
9%
161 Spiky Ball
9%
3474 Stardust Cell Staff
9%
3381 Stardust Helmet
9%
5132 Stinkbug
9%
4416 Stone Platform
9%
2998 Summoner Emblem
9%
2209 Super Mana Potion
9%
4144 Terragrim
9%
1435 The Destroyer
9%
5400 The Dirtiest Block
9%
3611 The Grand Design
9%
1283 Topaz Robe
9%
2300 Tuna
9%
4915 Tungsten Bullet
9%
693 Tungsten Helmet
9%
3489 Tungsten Shortsword
9%
4464 Turtle
9%
1569 Vampire Knives
9%
3069 Wand of Sparking
9%
490 Warrior Emblem
9%
863 Water Walking Boots
9%
302 Water Walking Potion
9%
728 Wood Breastplate
9%
284 Wooden Boomerang
9%
2349 Wrath Potion
9%
4484 1/2 Second Timer
7%
4485 1/4 Second Timer
7%
5353 Aether Torch
7%
3281 Amazon
7%
3377 Amber Staff
7%
5342 Ambrosia
7%
1282 Amethyst Robe
7%
2674 Apprentice Bait
7%
3368 Arkhalis
7%
775 Asphalt Block
7%
935 Avenger Emblem
7%
3532 Bacon
7%
4012 Banana Split
7%
49 Band of Regeneration
7%
111 Band of Starpower
7%
1706 Bar Stool
7%
1165 Bat Wings
7%
5066 Bee Hive
7%
335 Bench
7%
1299 Binoculars
7%
963 Black Belt
7%
1097 Black Paint
7%
3260 Blessed Apple
7%
987 Blizzard in a Bottle
7%
4070 Blue Fairy
7%
1081 Blue Paint
7%
354 Bookcase
7%
1966 Brown Paint
7%
1867 Candy Cane
7%
3546 Celebration
7%
3365 Chimney
7%
1179 Chlorophyte Bullet
7%
1922 Coal
7%
385 Cobalt Drill
7%
776 Cobalt Pickaxe
7%
4287 Coconut
7%
905 Coin Gun
7%
1345 Confetti
7%
4911 Cool Whip
7%
146 Copper Brick Wall
7%
1534 Corruption Key
7%
59 Corrupt Seeds
7%
1535 Crimson Key
7%
836 Crimstone Block
7%
1127 Crispy Honey Block
7%
672 Cutlass
7%
1013 Cyan Dye
7%
1639 Demon Eye Banner
7%
272 Demon Scythe
7%
114 Dirt Rod
7%
579 Drax
7%
334 Dresser
7%
631 Ebonwood Platform
7%
653 Ebonwood Sword
7%
622 Ebonwood Wall
7%
635 Ebonwood Work Bench
7%
4854 Emerald Gemcorn
7%
1285 Emerald Robe
7%
742 Emerald Staff
7%
3191 Enchanted Nightcrawler
7%
1962 Everscream Trophy
7%
2112 Eye of Cthulhu Mask
7%
761 Fairy Wings
7%
3036 Fish Finder
7%
930 Flare Gun
7%
95 Flintlock Pistol
7%
4876 Forest Pylon
7%
4021 Fries
7%
3183 Golden Bug Net
7%
2294 Golden Fishing Rod
7%
327 Golden Key
7%
79 Gold Greaves
7%
92 Gold Helmet
7%
3521 Gold Pickaxe
7%
1297 Golem Fist
7%
1774 Goodie Bag
7%
359 Grandfather Clock
7%
4023 Grapes
7%
1131 Gravity Globe
7%
542 Gray Pressure Plate
7%
4069 Green Fairy
7%
2437 Green Jellyfish
7%
851 Green Wrench
7%
5341 Gummy Worm
7%
516 Holy Arrow
7%
496 Ice Rod
7%
4506 Ice Wall
7%
324 Illegal Gun Parts
7%
2335 Iron Crate
7%
2333 Iron Fence
7%
77 Iron Greaves
7%
4914 Kaleidoscope
7%
2273 Katana
7%
352 Keg
7%
690 Lead Helmet
7%
1162 Leaf Wings
7%
513 Lever
7%
3118 Lifeform Analyzer
7%
1010 Lime Dye
7%
2701 Living Fire Block
7%
2196 Living Loom
7%
3570 Lunar Flare
7%
5011 Mace
7%
1322 Magma Stone
7%
2676 Master Bait
7%
890 Megaphone
7%
217 Molten Hamaxe
7%
122 Molten Pickaxe
7%
485 Moon Charm
7%
4938 Moon Lord Relic
7%
900 Moon Stone
7%
194 Mushroom Grass Seeds
7%
3108 Nail
7%
1346 Nanites
7%
891 Nazar
7%
1694 Nymph Banner
7%
192 Obsidian Brick
7%
1323 Obsidian Rose
7%
288 Obsidian Skin Potion
7%
5334 Ocram's Razor
7%
1074 Orange Paint
7%
2205 Penguin
7%
535 Philosopher's Stone
7%
333 Piano
7%
4068 Pink Fairy
7%
2438 Pink Jellyfish
7%
4934 Plantera Relic
7%
4961 Prismatic Lacewing
7%
1828 Pumpkin Seed
7%
1082 Purple Paint
7%
3571 Rainbow Crystal Staff
7%
1260 Rainbow Gun
7%
2966 Rainbow Slime Banner
7%
1073 Red Paint
7%
289 Regeneration Potion
7%
3122 R.E.K. 3000
7%
5335 Rod of Harmony
7%
346 Safe
7%
266 Sandgun
7%
1238 Sapphire Hook
7%
1571 Scourge of the Corruptor
7%
3096 Sextant
7%
329 Shadow Key
7%
3367 Shrimpy Truffle
7%
1786 Sickle
7%
107 Silver Chandelier
7%
3511 Silver Hammer
7%
91 Silver Helmet
7%
1273 Skeletron Hand
7%
2610 Slime Gun
7%
4913 Snapthorn
7%
4920 Snow Pylon
7%
3468 Solar Wings
7%
489 Sorcerer Emblem
7%
127 Space Gun
7%
531 Spell Tome
7%
1729 Spooky Wood
7%
4759 Squirrel Hook
7%
4216 Stardust Chest
7%
2586 Sticky Grenade
7%
3099 Stopwatch
7%
2587 Tartar Sauce
7%
2888 The Bee's Knees
7%
1826 The Horseman's Blade
7%
717 Tin Brick
7%
689 Tin Greaves
7%
687 Tin Helmet
7%
398 Tinkerer's Workshop
7%
707 Tin Watch
7%
1237 Topaz Hook
7%
740 Topaz Staff
7%
5043 Torch God's Favor
7%
1312 Toy Sled
7%
893 Trifold Map
7%
526 Unicorn Horn
7%
1265 Uzi
7%
60 Vile Mushroom
7%
67 Vile Powder
7%
64 Vilethorn
7%
2272 Water Gun
7%
3306 White String
7%
2334 Wooden Crate
7%
1447 Wooden Fence
7%
70 Worm Food
7%
3286 Yelets
7%
1110 Yellow Marigold
7%
1075 Yellow Paint
7%
1304 Zombie Arm
7%
1701 Zombie Banner
7%
404 Adamantite Leggings
6%
5349 Aetherium Block
6%
3000 Alchemy Table
6%
353 Ale
6%
4857 Amber Gemcorn
6%
4257 Amber Hook
6%
4852 Amethyst Gemcorn
6%
4831 Amethyst Squirrel
6%
2367 Angler Hat
6%
2369 Angler Pants
6%
2368 Angler Vest
6%
323 Antlion Mandible
6%
157 Aqua Scepter
6%
2303 Armored Cavefish
6%
1959 Baby Grinch's Mischief Whistle
6%
162 Ball O' Hurt
6%
1324 Bananarang
6%
343 Barrel
6%
5097 Bat Bat
6%
2199 Beetle Helmet
6%
2431 Bee Wax
6%
3870 Betsy's Wrath
6%
1119 Black Ink
6%
1331 Bloody Spine
6%
1111 Blue Berries
6%
134 Blue Brick
6%
2016 Blue Jay
6%
1665 Blue Jellyfish Banner
6%
3245 Bone Glove
6%
932 Bone Wand
6%
1313 Book of Skulls
6%
2557 Boreal Wood Chair
6%
2745 Boreal Wood Sword
6%
677 Boreal Wood Table
6%
2505 Boreal Wood Wall
6%
673 Boreal Wood Work Bench
6%
3547 Bouncy Dynamite
6%
356 Bowl
6%
4926 Brain of Cthulhu Relic
6%
426 Breaker Blade
6%
2713 'B' Statue
6%
2623 Bubble Gun
6%
1164 Bundle of Balloons
6%
1628 Bunny Banner
6%
1337 Bunny Cannon
6%
445 Bunny Statue
6%
894 Cactus Helmet
6%
1783 Candy Corn
6%
1782 Candy Corn Rifle
6%
928 Cannon
6%
4917 Cavern Pylon
6%
3930 Celebration Mk2
6%
3601 Celestial Sigil
6%
4954 Celestial Starboard
6%
3283 Chik
6%
1229 Chlorophyte Shotbow
6%
222 Clay Pot
6%
399 Cloud in a Balloon
6%
415 Cobalt Brick
6%
5042 Coffee
6%
3628 Companion Cube
6%
106 Copper Chandelier
6%
4385 Corrupt Torch
6%
3062 Crimson Heart
6%
2171 Crimson Seeds
6%
518 Crystal Storm
6%
1079 Cyan Paint
6%
3817 Defender Medal
6%
3335 Demon Heart
6%
4607 Desert Tiger Staff
6%
1301 Destroyer Emblem
6%
3545 Detonator
6%
4908 Dirt Bomb
6%
4827 Dry Bomb
6%
2715 'D' Statue
6%
4055 Dunerider Boots
6%
644 Ebonwood Bed
6%
2046 Ebonwood Candle
6%
650 Ebonwood Door
6%
638 Ebonwood Table
6%
3064 Enchanted Sundial
6%
3103 Endless Quiver
6%
2346 Endurance Potion
6%
2716 'E' Statue
6%
4366 Eucalyptus Sap
6%
425 Fairy Bell
6%
270 Familiar Pants
6%
269 Familiar Shirt
6%
271 Familiar Wig
6%
4281 Finch Staff
6%
1343 Fire Gauntlet
6%
506 Flamethrower
6%
5012 Flaming Mace
6%
4978 Fledgling Wings
6%
5070 Flinx Fur
6%
5069 Flinx Staff
6%
187 Flipper
6%
934 Flying Carpet
6%
2161 Frost Core
6%
726 Frost Staff
6%
1537 Frozen Key
6%
2717 'F' Statue
6%
4988 Gelatin Crystal
6%
2922 Ghost Banner
6%
2048 Glass Candle
6%
1703 Glass Chair
6%
2037 Glass Lantern
6%
1713 Glass Table
6%
1656 Goblin Warrior Banner
6%
108 Gold Chandelier
6%
1348 Gold Dust
6%
2336 Golden Crate
6%
4022 Golden Delight
6%
1716 Golden Table
6%
1705 Golden Toilet
6%
3517 Gold Hammer
6%
3033 Gold Ring
6%
3989 Golf Ball
6%
4290 Grapefruit
6%
745 Grass Wall
6%
1099 Gray Paint
6%
137 Green Brick
6%
867 Green Cap
6%
3448 Green Jellyfish Banner
6%
1108 Green Mushroom
6%
1077 Green Paint
6%
758 Grenade Launcher
6%
2718 'G' Statue
6%
1531 Hallowed Chest
6%
553 Hallowed Helmet
6%
2172 Heavy Work Bench
6%
3093 Herb Bag
6%
1126 Hive Wall
6%
4025 Hotdog
6%
2719 'H' Statue
6%
4744 Hunter Cloak
6%
1306 Ice Sickle
6%
1335 Ichor Bullet
6%
2348 Inferno Potion
6%
3951 Iron Brick
6%
3952 Iron Brick Wall
6%
2720 'I' Statue
6%
3094 Javelin
6%
5275 Joja Cola
6%
2675 Journeyman Bait
6%
2721 'J' Statue
6%
1533 Jungle Key
6%
208 Jungle Rose
6%
2722 'K' Statue
6%
3494 Lead Axe
6%
692 Lead Greaves
6%
806 Living Wood Chair
6%
2723 'L' Statue
6%
855 Lucky Coin
6%
3569 Lunar Portal Staff
6%
1321 Magic Quiver
6%
555 Mana Flower
6%
4292 Mango
6%
984 Master Ninja Gear
6%
936 Mechanical Glove
6%
204 Meteor Hamaxe
6%
1630 Mimic Banner
6%
88 Mining Helmet
6%
2322 Mining Potion
6%
120 Molten Fury
6%
1994 Monarch Butterfly
6%
3213 Money Trough
6%
2724 'M' Statue
6%
4487 Mud Wall
6%
3625 Multicolor Wrench
6%
818 Mushroom Door
6%
2550 Mushroom Table
6%
576 Music Box
6%
386 Mythril Drill
6%
1958 Naughty Present
6%
3476 Nebula Arcanum
6%
103 Nightmare Pickaxe
6%
256 Ninja Hood
6%
2725 'N' Statue
6%
1177 Obelisk
6%
330 Obsidian Brick Wall
6%
907 Obsidian Water Walking Boots
6%
4918 Ocean Pylon
6%
2337 Old Shoe
6%
3788 Onyx Blaster
6%
1245 Orange Torch
6%
2726 'O' Statue
6%
3350 Paintball Gun
6%
1071 Paintbrush
6%
1187 Palladium Repeater
6%
2534 Palm Wood Work Bench
6%
5343 Peddler's Satchel
6%
4064 Picnic Table
6%
1084 Pink Paint
6%
4414 Pink Pearl
6%
2960 Pinky Banner
6%
1156 Piranha Gun
6%
4029 Pizza
6%
1370 Plantera Trophy
6%
3484 Platinum Broadsword
6%
3485 Platinum Pickaxe
6%
3483 Platinum Shortsword
6%
4295 Plum
6%
3781 Pocket Mirror
6%
1122 Possessed Hatchet
6%
4666 Pretty Pink Ribbon
6%
2727 'P' Statue
6%
3106 Psycho Knife
6%
1792 Pumpkin Chair
6%
1726 Pumpkin Wall
6%
66 Purification Powder
6%
3312 Purple Counterweight
6%
2964 Purple Slime Banner
6%
430 Purple Torch
6%
2728 'Q' Statue
6%
2108 Queen Bee Mask
6%
4928 Queen Bee Relic
6%
1364 Queen Bee Trophy
6%
2347 Rage Potion
6%
1066 Rainbow Dye
6%
495 Rainbow Rod
6%
1136 Rain Coat
6%
4375 Rat
6%
337 Red Banner
6%
3313 Red Counterweight
6%
529 Red Pressure Plate
6%
3287 Red's Throw
6%
611 Red Stucco
6%
632 Rich Mahogany Platform
6%
656 Rich Mahogany Sword
6%
636 Rich Mahogany Work Bench
6%
262 Robe
6%
771 Rocket I
6%
772 Rocket II
6%
773 Rocket III
6%
4797 Royal Delight
6%
2729 'R' Statue
6%
4835 Ruby Squirrel
6%
1961 Santa-NK1 Trophy
6%
2342 Sawtooth Shark
6%
4359 Seagull
6%
753 | 2338 Seaweed
6%
216 Shackle
6%
86 Shadow Scale
6%
3212 Shark Tooth Necklace
6%
975 Shoe Spikes
6%
42 Shuriken
6%
2868 Smoke Block
6%
1858 Sniper Scope
6%
1319 Snowball Cannon
6%
951 Snowball Launcher
6%
3473 Solar Eruption
6%
2763 Solar Flare Helmet
6%
4162 Solar Table
6%
2730 'S' Statue
6%
213 Staff of Regrowth
6%
5276 Stardrop
6%
3383 Stardust Leggings
6%
4037 Steak
6%
899 Sun Stone
6%
4060 Super Star Shooter
6%
3577 Suspicious Looking Tentacle
6%
2332 Swordfish
6%
2621 Tempest Staff
6%
1141 Temple Key
6%
5134 Terraformer
6%
104 The Breaker
6%
800 The Undertaker
6%
279 Throwing Knife
6%
3500 Tin Axe
6%
720 Tin Brick Wall
6%
1216 Titanium Helmet
6%
1219 Titanium Leggings
6%
1201 Titanium Repeater
6%
4851 Topaz Gemcorn
6%
239 Top Hat
6%
348 Trash Can
6%
3330 Treasure Bag (Duke Fishron)
6%
3320 Treasure Bag (Eater of Worlds)
6%
4782 Treasure Bag (Empress of Light)
6%
3319 Treasure Bag (Eye of Cthulhu)
6%
3329 Treasure Bag (Golem)
6%
3318 Treasure Bag (King Slime)
6%
3332 Treasure Bag (Moon Lord)
6%
3328 Treasure Bag (Plantera)
6%
3322 Treasure Bag (Queen Bee)
6%
4957 Treasure Bag (Queen Slime)
6%
3323 Treasure Bag (Skeletron)
6%
3327 Treasure Bag (Skeletron Prime)
6%
3325 Treasure Bag (The Destroyer)
6%
3326 Treasure Bag (The Twins)
6%
3324 Treasure Bag (Wall of Flesh)
6%
277 Trident
6%
2731 'T' Statue
6%
3201 Tsunami in a Bottle
6%
3490 Tungsten Broadsword
6%
3491 Tungsten Pickaxe
6%
2274 Ultrabright Torch
6%
47 Unholy Arrow
6%
1691 Unicorn Banner
6%
2732 'U' Statue
6%
2887 Vicious Mushroom
6%
2757 Vortex Helmet
6%
2733 'V' Statue
6%
1298 Water Chest
6%
3078 Web Rope
6%
1251 White Horseshoe Balloon
6%
1098 White Paint
6%
510 Wire Cutter
6%
480 Wooden Beam
6%
1389 Wood Shelf
6%
2734 'W' Statue
6%
2735 'X' Statue
6%
2992 Yellow Slime Banner
6%
432 Yellow Torch
6%
3366 Yoyo Bag
6%
2736 'Y' Statue
6%
2420 Zephyr Fish
6%
2737 'Z' Statue
6%
2702 '0' Statue
4%
2703 '1' Statue
4%
2704 '2' Statue
4%
2705 '3' Statue
4%
2706 '4' Statue
4%
585 5 Second Timer
4%
2707 '5' Statue
4%
2708 '6' Statue
4%
2709 '7' Statue
4%
2710 '8' Statue
4%
2711 '9' Statue
4%
3620 Actuation Rod
4%
388 Adamantite Drill
4%
401 Adamantite Helmet
4%
481 Adamantite Repeater
4%
5347 Aether Monolith
4%
3289 Amarok
4%
2476 Angelfish
4%
2374 Angler Earring
4%
4282 Apricot
4%
303 Archery Potion
4%
901 Armor Bracing
4%
3280 Artery
4%
5326 Artisan Loaf
4%
3826 Ballista Staff
4%
4735 Ball O' Fuse Wire
4%
2450 Batfish
4%
443 Bat Statue
4%
1515 Bee Wings
4%
5088 Bernie's Button
4%
5211 Biome Sight Potion
4%
4413 Black Pearl
4%
2899 Black Slime Banner
4%
3308 Black String
4%
1163 Blizzard in a Balloon
4%
4285 Blood Orange
4%
4381 Blood Rain Bow
4%
4271 Bloody Tear
4%
339 Blue Banner
4%
3310 Blue Counterweight
4%
4243 Blue Golf Ball
4%
1250 Blue Horseshoe Balloon
4%
198 Blue Phaseblade
4%
3764 Blue Phasesaber
4%
852 Blue Pressure Plate
4%
3301 Blue String
4%
3634 Blue Team Block
4%
3639 Blue Team Platform
4%
3003 Bone Arrow
4%
1627 Bone Serpent Banner
4%
827 Bone Table
4%
3004 Bone Torch
4%
2552 Boreal Wood Bathtub
4%
2553 Boreal Wood Bed
4%
2556 Boreal Wood Candle
4%
2559 Boreal Wood Chest
4%
2511 Boreal Wood Greaves
4%
2509 Boreal Wood Helmet
4%
1134 Bottled Honey
4%
5383 Bouncy Boulder
4%
2104 Brain of Cthulhu Mask
4%
1362 Brain of Cthulhu Trophy
4%
1520 Broken Bat Wing
4%
543 Brown Pressure Plate
4%
3098 Butcher's Chainsaw
4%
749 Butterfly Wings
4%
2616 Cactus Chest
4%
896 Cactus Leggings
4%
882 Cactus Pickaxe
4%
105 Candle
4%
586 Candy Cane Block
4%
1909 Candy Cane Sword
4%
2017 Cardinal
4%
5041 Carton of Milk
4%
4829 Cat License
4%
1621 Cave Bat Banner
4%
1587 Cenx's Dress
4%
1554 Cenx's Tiara
4%
1586 Cenx's Wings
4%
3012 Chain Guillotines
4%
1325 Chain Knife
4%
860 Charm of Myths
4%
4286 Cherry
4%
4993 Chippy's Couch
4%
1235 Chlorophyte Arrow
4%
5296 Chlorophyte Extractinator
4%
1002 Chlorophyte Helmet
4%
4017 Chocolate Chip Cookie
4%
434 Clockwork Assault Rifle
4%
2481 Clownfish
4%
420 Cobalt Brick Wall
4%
372 Cobalt Helmet
4%
375 Cobalt Leggings
4%
435 Cobalt Repeater
4%
483 Cobalt Sword
4%
991 Cobalt Waraxe
4%
4818 Combat Wrench
4%
4384 Coral Torch
4%
1632 Corrupt Bunny Banner
4%
1529 Corruption Chest
4%
2769 Cosmic Car Key
4%
1634 Crab Banner
4%
4692 Crimson Campfire
4%
1530 Crimson Chest
4%
4974 Crimson Mimic Banner
4%
2793 Crimtane Brick
4%
554 Cross Necklace
4%
515 Crystal Bullet
4%
3209 Crystal Serpent
4%
2714 'C' Statue
4%
545 Cursed Arrow
4%
546 Cursed Bullet
4%
523 Cursed Torch
4%
3299 Cyan String
4%
3029 Daedalus Stormbow
4%
3008 Dart Rifle
4%
3215 Daybloom Planter Box
4%
3249 Deadly Sphere Staff
4%
5007 Dead Man's Sweater
4%
1327 Death Sickle
4%
3217 | 3218 Deathweed Planter Box
4%
1093 Deep Blue Paint
4%
1091 Deep Cyan Paint
4%
1086 Deep Orange Paint
4%
1094 Deep Purple Paint
4%
1085 Deep Red Paint
4%
1087 Deep Yellow Paint
4%
1638 Demon Banner
4%
4712 Desert Chest
4%
4383 Desert Torch
4%
1366 Destroyer Trophy
4%
4836 Diamond Squirrel
4%
4830 Dog License
4%
3857 Dragon Egg
4%
4288 Dragon Fruit
4%
2768 Drill Containment Unit
4%
4063 Drum Set
4%
4673 Drumstick
4%
2229 Dynasty Work Bench
4%
2111 Eater of Worlds Mask
4%
4925 Eater of Worlds Relic
4%
1361 Eater of Worlds Trophy
4%
370 Ebonsand Block
4%
609 Ebonstone Brick
4%
2073 Ebonwood Bathtub
4%
655 Ebonwood Bow
4%
628 Ebonwood Chair
4%
2056 Ebonwood Chandelier
4%
625 Ebonwood Chest
4%
2593 Ebonwood Clock
4%
647 Ebonwood Dresser
4%
732 Ebonwood Greaves
4%
654 Ebonwood Hammer
4%
730 Ebonwood Helmet
4%
4392 Echo Block
4%
4289 Elderberry
4%
1910 Elf Melter
4%
55 Enchanted Boomerang
4%
5381 Enchanted Moondial
4%
3104 Endless Musket Pouch
4%
3828 Eternia Crystal
4%
4953 Eventide
4%
4944 Everscream Relic
4%
1338 Explosive Bunny
4%
5350 Faeling
4%
5351 Faeling in a Bottle
4%
3993 Fairy Boots
4%
2608 Falcon Blade
4%
1863 Fart in a Balloon
4%
889 Fast Clock
4%
211 Feral Claws
4%
5438 Fertilizer
4%
2292 Fiberglass Fishing Pole
4%
1664 Fire Imp Banner
4%
2460 Fishotron
4%
2611 Flairon
4%
218 Flamelash
4%
3016 Flesh Knuckles
4%
5068 Flinx Fur Coat
4%
4401 Flounder
4%
4770 Fox Ears
4%
4771 Fox Tail
4%
988 Frostburn Arrow
4%
684 Frost Helmet
4%
681 Frozen Chest
4%
1253 Frozen Turtle Shell
4%
822 Frozen Wings
4%
2756 Gender Change Potion
4%
1516 Giant Harpy Feather
4%
291 Gills Potion
4%
4463 Gladius
4%
1719 Glass Bed
4%
2065 Glass Chandelier
4%
2239 Glass Clock
4%
1709 Glass Door
4%
2194 Glass Kiln
4%
1702 Glass Platform
4%
2632 Glass Work Bench
4%
282 Glowstick
4%
1654 Goblin Peon Banner
4%
142 Gold Brick Wall
4%
2155 Golden Candle
4%
2308 Golden Carp
4%
1704 Golden Chair
4%
2143 Golden Chandelier
4%
3232 Golden Gravestone
4%
3233 Golden Headstone
4%
3904 Golden Platform
4%
3230 Golden Tombstone
4%
4275 Gold Fish Bowl
4%
2892 Gold Frog
4%
4419 Gold Water Strider
4%
2110 Golem Mask
4%
1371 Golem Trophy
4%
4264 Golf Cart Keys
4%
4089 Golf Tee
4%
3125 Granite Chest
4%
84 Grappling Hook
4%
2740 Grasshopper
4%
4711 Gravedigger's Shovel
4%
614 Gray Stucco
4%
3035 Greedy Ring
4%
338 Green Banner
4%
591 Green Candy Cane Block
4%
3311 Green Counterweight
4%
613 Green Stucco
4%
3633 Green Team Block
4%
3638 Green Team Platform
4%
429 Green Torch
4%
1990 Hair Dye Remover
4%
552 Hallowed Greaves
4%
4975 Hallowed Mimic Banner
4%
578 Hallowed Repeater
4%
4916 Hallow Pylon
4%
164 Handgun
4%
5126 Hand Of Creation
4%
160 Harpoon
4%
1658 Harpy Banner
4%
2461 Harpyfish
4%
1175 Headstone
4%
473 Heart Statue
4%
1295 Heat Ray
4%
265 Hellfire Arrow
4%
3067 Hellstone Brick Wall
4%
422 Holy Water
4%
5303 Honey Absorbant Sponge
4%
4826 Honey Bomb
4%
452 Hornet Statue
4%
670 Ice Boomerang
4%
4026 Ice Cream
4%
1960 Ice Queen Trophy
4%
1334 Ichor Arrow
4%
3011 Ichor Dart
4%
2936 Ichor Sticker Banner
4%
1333 Ichor Torch
4%
4404 Inner Tube
4%
3270 Item Frame
4%
185 Ivy Whip
4%
1860 Jellyfish Diving Gear
4%
1303 Jellyfish Necklace
4%
459 Jellyfish Statue
4%
1528 Jungle Chest
4%
4875 Jungle Pylon
4%
746 Jungle Wall
4%
671 Keybrand
4%
3092 Key of Light
4%
3091 Key of Night
4%
1314 KO Cannon
4%
3291 Kraken
4%
1522 Large Amethyst
4%
4547 Large Bamboo
4%
1527 Large Diamond
4%
1525 Large Emerald
4%
1523 Large Topaz
4%
514 Laser Rifle
4%
4872 Lava Absorbant Sponge
4%
4825 Lava Bomb
4%
4821 Lavaproof Bug Net
4%
1139 Lead Door
4%
3497 Lead Pickaxe
4%
1977 Life Hair Dye
4%
1667 Lihzahrd Banner
4%
1102 Lihzahrd Brick Wall
4%
1293 Lihzahrd Power Cell
4%
1076 Lime Paint
4%
3360 Living Mahogany Wand
4%
829 Living Wood Table
4%
1723 Living Wood Wall
4%
4772 Lizard Ears
4%
4773 Lizard Tail
4%
3372 Lunatic Cultist Mask
4%
494 Magical Harp
4%
2275 Magic Hat
4%
5107 Magiluminescence
4%
2122 Mallard Duck
4%
1668 Man Eater Banner
4%
498 Mannequin
4%
3081 Marble Block
4%
682 Marrow
4%
967 Marshmallow
4%
996 Meat Grinder
4%
3353 Mechanical Cart
4%
3355 Mechanical Wagon Piece
4%
3269 Medusa Head
4%
1669 Meteor Head Banner
4%
3100 Meteorite Brick
4%
3101 Meteorite Brick Wall
4%
234 Meteor Shot
4%
4868 Mini Volcano
4%
232 Molten Breastplate
4%
233 Molten Greaves
4%
231 Molten Helmet
4%
3216 Moonglow Planter Box
4%
2955 Mother Slime Banner
4%
2770 Mothron Wings
4%
351 Mug
4%
2542 Mushroom Candle
4%
810 Mushroom Chair
4%
2546 Mushroom Lantern
4%
764 Mushroom Wall
4%
569 Music Box (Corruption)
4%
1598 Music Box (Crimson)
4%
1965 Music Box (Frost Moon)
4%
564 Music Box (Night)
4%
1604 Music Box (Ocean Day)
4%
4077 Music Box (Ocean Night)
4%
562 Music Box (Overworld Day)
4%
416 Mythril Brick
4%
380 Mythril Greaves
4%
376 Mythril Hood
4%
777 Mythril Pickaxe
4%
436 Mythril Repeater
4%
484 Mythril Sword
4%
223 Nature's Gift
4%
4195 Nebula Chest
4%
2760 Nebula Helmet
4%
2781 Nebula Pickaxe
4%
4952 Nightglow
4%
299 Night Owl Potion
4%
4633 Oasis
4%
4407 Oasis Crate
4%
2618 Obsidian Chest
4%
2600 Obsidian Clock
4%
1458 Obsidian Door
4%
1457 Obsidian Platform
4%
3294 Orange String
4%
1196 Orichalcum Drill
4%
1195 Orichalcum Pickaxe
4%
4410 Oyster
4%
1513 Paladin's Hammer
4%
938 Paladin's Shield
4%
2520 Palm Wood Bed
4%
2524 Palm Wood Chair
4%
2528 Palm Wood Door
4%
2518 Palm Wood Platform
4%
2517 Palm Wood Sword
4%
3117 Peace Candle
4%
408 Pearlsand Block
4%
409 Pearlstone Block
4%
627 Pearlwood Chest
4%
3979 Pearlwood Crate
4%
652 Pearlwood Door
4%
738 Pearlwood Greaves
4%
736 Pearlwood Helmet
4%
633 Pearlwood Platform
4%
659 Pearlwood Sword
4%
624 Pearlwood Wall
4%
2222 Peddler's Hat
4%
219 Phoenix Blaster
4%
990 Pickaxe Axe
4%
140 Pink Brick Wall
4%
3447 Pink Jellyfish Banner
4%
3113 Pink Slime Block
4%
3304 Pink String
4%
3114 Pink Torch
4%
350 Pink Vase
4%
4074 Pin Wheel
4%
1675 Piranha Banner
4%
876 Pirate Hat
4%
1677 Pixie Banner
4%
2109 Plantera Mask
4%
3482 Platinum Axe
4%
719 Platinum Brick
4%
698 Platinum Greaves
4%
696 Platinum Helmet
4%
1310 Poison Dart
4%
1308 Poison Staff
4%
3384 Portal Gun
4%
4664 Pretty Pink Dress
4%
4665 Pretty Pink Stockings
4%
2310 Prismite
4%
760 Proximity Mine Launcher
4%
2619 Pumpkin Chest
4%
1793 Pumpkin Door
4%
1856 Pumpking Trophy
4%
1731 Pumpkin Helmet
4%
1733 Pumpkin Leggings
4%
4812 Pumpkin Scented Candle
4%
1794 Pumpkin Table
4%
3015 Putrid Scent
4%
1157 Pygmy Staff
4%
3307 Rainbow String
4%
1802 Raven Staff
4%
2286 Red Cape
4%
260 Red Hat
4%
1115 Red Husk
4%
835 Red Ice Block
4%
3765 Red Phasesaber
4%
2301 Red Snapper
4%
3563 Red Squirrel
4%
3293 Red String
4%
3621 Red Team Block
4%
3622 Red Team Platform
4%
428 Red Torch
4%
1914 Reindeer Bells
4%
2291 Reinforced Fishing Pole
4%
1368 Retinazer Trophy
4%
658 Rich Mahogany Bow
4%
651 Rich Mahogany Door
4%
657 Rich Mahogany Hammer
4%
623 Rich Mahogany Wall
4%
263 Robot Hat
4%
774 Rocket IV
4%
759 Rocket Launcher
4%
2320 Rockfish
4%
1809 Rotten Egg
4%
2434 Sail
4%
3200 Sailfish Boots
4%
2266 Sake
4%
3273 Sandstone Wall
4%
983 Sandstorm in a Balloon
4%
4945 Santa-NK1 Relic
4%
4034 Seafood Dinner
4%
2625 Seashell
4%
328 Shadow Chest
4%
3337 Shiny Stone
4%
3221 Shiverthorn Planter Box
4%
3077 Silk Rope
4%
143 Silver Brick
4%
144 Silver Brick Wall
4%
1037 Silver Dye
4%
2296 Sitting Duck's Fishing Pole
4%
1281 Skeletron Mask
4%
1367 Skeletron Prime Trophy
4%
4927 Skeletron Relic
4%
1014 Sky Blue Dye
4%
1080 Sky Blue Paint
4%
2197 Sky Mill
4%
2487 Slimefish
4%
2585 Slime Hook
4%
1103 Slush Block
4%
4051 Smooth Sandstone
4%
2006 Snail
4%
1684 Snow Flinx Banner
4%
602 Snow Globe
4%
4989 Soaring Insignia
4%
4153 Solar Chest
4%
2764 Solar Flare Breastplate
4%
2765 Solar Flare Leggings
4%
2786 Solar Flare Pickaxe
4%
2767 Solar Tablet
4%
2766 Solar Tablet Fragment
4%
1735 Soul Cake
4%
4036 Spaghetti
4%
2995 Sparky
4%
1369 Spazmatism Trophy
4%
1503 Spectre Hood
4%
1446 Spectre Staff
4%
3002 Spelunker Glowstick
4%
2607 Spider Fang
4%
2551 Spider Staff
4%
5074 Spinal Tap
4%
1296 Staff of Earth
4%
1572 Staff of the Frost Hydra
4%
1836 Stake
4%
1835 Stake Launcher
4%
532 Star Cloak
4%
3471 Stardust Wings
4%
2626 Starfish
4%
948 Steampunk Wings
4%
4341 Step Stool
4%
4007 Stinger Necklace
4%
2119 Stone Slab
4%
3385 | 3386 | 3387 | 3388 Strange Plant
4%
1258 Stynger
4%
1261 Stynger Bolt
4%
2328 Summoning Potion
4%
3032 Super Absorbant Sponge
4%
538 Switch
4%
977 Tabi
4%
679 Tactical Shotgun
4%
1107 Teal Mushroom
4%
2351 Teleportation Potion
4%
5288 Terra Fart Kart
4%
5265 The Duke
4%
801 The Meatball
4%
802 The Rotted Fork
4%
5253 The Werewolf
4%
191 Thorn Chakram
4%
301 Thorns Potion
4%
710 Tin Chandelier
4%
3503 Tin Pickaxe
4%
536 Titan Glove
4%
1203 Titanium Drill
4%
1202 Titanium Pickaxe
4%
2326 Titan Potion
4%
4832 Topaz Squirrel
4%
3321 Treasure Bag (Brain of Cthulhu)
4%
5111 Treasure Bag (Deerclops)
4%
3488 Tungsten Axe
4%
718 Tungsten Brick
4%
721 Tungsten Brick Wall
4%
711 Tungsten Chandelier
4%
695 Tungsten Greaves
4%
1316 Turtle Helmet
4%
1328 Turtle Shell
4%
5304 Ultra Absorbant Sponge
4%
3709 Unicorn Statue
4%
4951 Universal Pylon
4%
1692 Vampire Banner
4%
4273 Vampire Frog Staff
4%
2188 Venom Staff
4%
1255 Venus Magnum
4%
1330 Vertebra
4%
2996 Vine Rope
4%
1117 Violet Husk
4%
4131 Void Bag
4%
3530 Void Dye
4%
3475 Vortex Beater
4%
3469 Vortex Booster
4%
4174 Vortex Chest
4%
2759 Vortex Leggings
4%
5382 Waffle's Iron
4%
1474 Waldo
4%
5147 Wand of Frosting
4%
148 Water Candle
4%
4418 Water Strider
4%
3037 Weather Radio
4%
1695 Werewolf Banner
4%
4824 Wet Bomb
4%
4412 White Pearl
4%
431 White Torch
4%
215 Whoopie Cushion
4%
4444 Witch's Broom
4%
1696 Wolf Banner
4%
2289 Wood Fishing Pole
4%
69 Worm Tooth
4%
1700 Wyvern Banner
4%
4379 Wyvern Kite
4%
2749 Xeno Staff
4%
340 Yellow Banner
4%
3314 Yellow Counterweight
4%
1252 Yellow Horseshoe Balloon
4%
853 Yellow Pressure Plate
4%
3295 Yellow String
4%
3635 Yellow Team Block
4%
2474 Zombie Fish
4%
3763 0x33's Aviators
3%
584 3 Second Timer
3%
5114 Abigail's Flower
3%
604 Adamantite Beam
3%
605 Adamantite Beam Wall
3%
403 Adamantite Breastplate
3%
387 Adamantite Chainsaw
3%
402 Adamantite Mask
3%
778 Adamantite Pickaxe
3%
482 Adamantite Sword
3%
885 Adhesive Bandage
3%
4382 Advanced Combat Techniques
3%
5336 Advanced Combat Techniques: Volume Two
3%
5398 Aetherium Brick
3%
4467 Amber Minecart
3%
4838 Amethyst Bunny
3%
2177 Ammo Box
3%
3990 Amphibian Boots
3%
2424 Anchor
3%
4056 Ancient Chisel
3%
961 Ancient Cobalt Breastplate
3%
960 Ancient Cobalt Helmet
3%
962 Ancient Cobalt Leggings
3%
3771 Ancient Horn
3%
954 Ancient Iron Helmet
3%
5433 Ancient Obsidian Brick
3%
958 Ancient Shadow Greaves
3%
956 Ancient Shadow Helmet
3%
1987 Angel Halo
3%
3451 Angry Bones Banner
3%
2897 Angry Trapper Banner
3%
2800 Anti-Gravity Hook
3%
4091 Anti-Portal Block
3%
4614 Apple Juice
3%
4011 Apple Pie
3%
5339 Arcane Crystal
3%
2271 Arcane Rune Wall
3%
1861 Arctic Diving Gear
3%
4389 Argon Moss
3%
5440 Argon Moss Brick
3%
5446 Argon Moss Brick Wall
3%
5284 Ash Wood Sword
3%
2299 Atlantic Cod
3%
5295 Axe of Regrowth
3%
5004 Badger's Hat
3%
3825 Ballista Cane
3%
3824 Ballista Rod
3%
4571 Bamboo Candle
3%
4572 Bamboo Chair
3%
4667 Bamboo Fence
3%
4550 Bamboo Leaf
3%
4583 Bamboo Table
3%
4565 Bamboo Wall
3%
4584 Bamboo Work Bench
3%
4638 Bandage Boy
3%
3418 Basilisk Banner
3%
4276 Bast Statue
3%
4013 BBQ Ribs
3%
2363 Bee Greaves
3%
1121 Bee Gun
3%
2218 Beetle Husk
3%
2202 Beetle Leggings
3%
2200 Beetle Scale Mail
3%
2201 Beetle Shell
3%
3992 Berserker's Glove
3%
2999 Bewitching Table
3%
3309 Black Counterweight
3%
4242 Black Golf Ball
3%
1827 Bladed Glove
3%
3219 Blinkroot Planter Box
3%
1825 Bloody Machete
3%
3409 Blood Zombie Banner
3%
1384 Blue Brick Platform
3%
135 Blue Brick Wall
3%
5297 Blue Chicken Egg
3%
4335 Blue Dragonfly
3%
1411 Blue Dungeon Door
3%
2262 Blue Dynasty Shingles
3%
2264 Blue Dynasty Wall
3%
163 Blue Moon
3%
4352 Blue Moss
3%
972 Blue Rocket
3%
781 Blue Solution
3%
3196 Bomb Fish
3%
766 Bone Block
3%
2152 Bone Candelabra
3%
808 Bone Chair
3%
2134 Bone Lamp
3%
2148 Bone Lantern
3%
634 Bone Platform
3%
1166 Bone Sword
3%
2192 Bone Welder
3%
811 Bone Work Bench
3%
2554 Boreal Wood Bookcase
3%
2747 Boreal Wood Bow
3%
2510 Boreal Wood Breastplate
3%
2555 Boreal Wood Candelabra
3%
2558 Boreal Wood Chandelier
3%
2560 Boreal Wood Clock
3%
2562 Boreal Wood Dresser
3%
2507 Boreal Wood Fence
3%
2746 Boreal Wood Hammer
3%
2564 Boreal Wood Lantern
3%
2565 Boreal Wood Piano
3%
2566 Boreal Wood Platform
3%
2852 Boreal Wood Sink
3%
858 Boreal Wood Sofa
3%
4119 Boreal Wood Toilet
3%
3112 Bouncy Glowstick
3%
2771 Brain Scrambler
3%
1388 Brass Shelf
3%
186 Breathing Reed
3%
4244 Brown Golf Ball
3%
1449 Bubble Machine
3%
1450 Bubble Wand
3%
3194 Buggy
3%
2325 Builder Potion
3%
4560 Bunny Ears
3%
2479 Bunnyfish
3%
1611 Butterfly Dust
3%
895 Cactus Breastplate
3%
807 Cactus Chair
3%
4100 Cactus Toilet
3%
349 Candelabra
3%
1734 Candy Apple
3%
587 Candy Cane Wall
3%
2480 Cap'n Tunabeard
3%
3282 Cascade
3%
1824 Cat Ears
3%
2219 Celestial Magnet
3%
3110 Celestial Shell
3%
1865 Celestial Stone
3%
4365 Celestial Wand
3%
1556 Cenx's Leggings
3%
1929 Chain Gun
3%
1629 Chaos Elemental Banner
3%
5389 Cheesy Pizza Poster
3%
1226 Chlorophyte Claymore
3%
1230 Chlorophyte Pickaxe
3%
1227 Chlorophyte Saber
3%
1911 Christmas Pudding
3%
5355 Chromatic Cloak
3%
4608 Chum Bucket
3%
4325 Chum Caster
3%
3351 Classy Cane
3%
2905 Clinger Banner
3%
3014 Clinger Staff
3%
374 Cobalt Breastplate
3%
383 Cobalt Chainsaw
3%
3034 Coin Ring
3%
3369 Confetti Cannon
3%
2425 Cooked Fish
3%
969 Cooked Marshmallow
3%
345 Cooking Pot
3%
80 Copper Chainmail
3%
2159 Copper Pipe Wallpaper
3%
3203 Corrupt Crate
3%
1633 Corrupt Goldfish Banner
3%
4973 Corrupt Mimic Banner
3%
2909 Corruptor Banner
3%
2908 Corrupt Slime Banner
3%
904 Countercurse Mantra
3%
2356 Crate Potion
3%
4018 Cream Soda
3%
1746 Creeper Mask
3%
1246 Crimsand Block
3%
3277 Crimsandstone Block
3%
2910 Crimslime Banner
3%
3204 Crimson Crate
3%
1256 Crimson Rod
3%
4050 Crimstone Brick
3%
2790 Crimtane Brick Wall
3%
4762 Critter Shampoo
3%
1174 Cross Grave Marker
3%
3009 Crystal Dart
3%
3046 Cursed Campfire
3%
3010 Cursed Dart
3%
519 Cursed Flames
3%
1116 Cyan Husk
3%
2304 Damselfish
3%
389 Dao of Pow
3%
274 Dark Lance
3%
527 Dark Shard
3%
3007 Dart Pistol
3%
4803 Deactivated Probe
3%
1089 Deep Green Paint
3%
1088 Deep Lime Paint
3%
1096 Deep Pink Paint
3%
1092 Deep Sky Blue Paint
3%
1095 Deep Violet Paint
3%
5120 Deer Thing
3%
4549 Demon Horns
3%
577 Demonite Brick
3%
433 Demon Torch
3%
3347 Desert Fossil
3%
3348 Desert Fossil Wall
3%
4919 Desert Pylon
3%
3795 Desert Spirit Lamp
3%
4932 Destroyer Relic
3%
4843 Diamond Bunny
3%
4456 Diamond Minecart
3%
2276 Diamond Ring
3%
4763 Digging Molecart
3%
2455 Dirtfish
3%
488 Disco Ball
3%
394 Diving Gear
3%
268 Diving Helmet
3%
4768 Dog Ears
3%
4769 Dog Tail
3%
1927 Dog Whistle
3%
4342 Dragonfly Statue
3%
4602 Dreadnautilus Banner
3%
4272 Drippler Crippler
3%
3396 Dr. Man Fly Banner
3%
437 Dual Hook
3%
3659 Duck Statue
3%
2588 Duke Fishron Mask
3%
2589 Duke Fishron Trophy
3%
1138 Dungeon Door
3%
1418 Dungeon Shelf
3%
4678 Durendal
3%
1120 Dye Vat
3%
2456 Dynamite Fish
3%
2265 Dynasty Door
3%
2849 Dynasty Sink
3%
3905 Dynasty Wood Platform
3%
1641 Eater of Souls Banner
3%
2318 Ebonkoi
3%
3276 Ebonsandstone Block
3%
4486 Ebonstone Wall
3%
2021 Ebonwood Bookcase
3%
731 Ebonwood Breastplate
3%
2083 Ebonwood Lamp
3%
2033 Ebonwood Lantern
3%
641 Ebonwood Piano
3%
2828 Ebonwood Sink
3%
2398 Ebonwood Sofa
3%
4096 Ebonwood Toilet
3%
5345 Echo Chamber
3%
5344 Echo Coating
3%
5292 Echo Platform
3%
4834 Emerald Squirrel
3%
4784 Empress of Light Mask
3%
4949 Empress of Light Relic
3%
4783 Empress of Light Trophy
3%
4823 Empress Wings
3%
1432 Empty Bullet
3%
3186 Empty Dropper
3%
4604 Exotic Chew Toy
3%
3349 Exotic Scimitar
3%
580 Explosives
3%
2215 Extendo Grip
3%
1248 Eye of the Golem
3%
1644 Face Monster Banner
3%
4563 Fake Unicorn Horn
3%
2458 Fallen Starfish
3%
295 Featherfall Potion
3%
1988 Fez
3%
2494 Fin Wings
3%
3222 Fireblossom Planter Box
3%
1518 Fire Feather
3%
3364 Fireplace
3%
2700 Fireworks Box
3%
3120 Fisherman's Pocket Guide
3%
2293 Fisher of Souls
3%
2360 Fish Hook
3%
2354 Fishing Potion
3%
119 Flamarang
3%
1147 Flame Trap
3%
821 Flame Wings
3%
1353 Flask of Cursed Flames
3%
1355 Flask of Gold
3%
1356 Flask of Ichor
3%
1357 Flask of Nanites
3%
1359 Flask of Poison
3%
2067 Flesh Bed
3%
2094 Flesh Candelabra
3%
809 Flesh Chair
3%
817 Flesh Door
3%
797 Flesh Grinder
3%
2034 Flesh Lantern
3%
828 Flesh Table
3%
2327 Flipper Potion
3%
1645 Floaty Gross Banner
3%
2921 Flocko Banner
3%
1259 Flower Pow
3%
747 Flower Wall
3%
3030 Flying Knife
3%
1647 Flying Snake Banner
3%
5129 Flymeal
3%
4743 Football
3%
3783 Forbidden Fragment
3%
676 Frostbrand
3%
685 Frost Breastplate
3%
686 Frost Leggings
3%
4405 Frozen Crate
3%
767 Frozen Slime Block
3%
4625 Fruit Salad
3%
2428 Fuzzy Carrot
3%
5340 Galaxy Pearl
3%
4609 Garden Gnome
3%
1651 Gastropod Banner
3%
2270 Gatligator
3%
5104 Gentleman's Beard
3%
4400 Geode
3%
3722 Geyser
3%
3415 Ghoul Banner
3%
2923 Giant Bat Banner
3%
1906 Giant Bow
3%
2501 Ginger Beard
3%
1920 Gingerbread Cookie
3%
3187 Gladiator Helmet
3%
2075 Glass Bathtub
3%
2243 Glass Bowl
3%
2097 Glass Candelabra
3%
2639 Glass Dresser
3%
2085 Glass Lamp
3%
2254 Glass Piano
3%
2842 Glass Sink
3%
2414 Glass Sofa
3%
4112 Glass Toilet
3%
5333 Glow Tulip
3%
4688 Gnome Banner
3%
4795 Goat Skull
3%
2927 Goblin Archer Banner
3%
361 Goblin Battle Standard
3%
1655 Goblin Scout Banner
3%
441 Goblin Statue
3%
1652 Goblin Thief Banner
3%
3390 Goblin Warlock Banner
3%
3071 Gold Bunny Cage
3%
2891 Gold Butterfly
3%
4340 Gold Dragonfly
3%
2663 Golden Bathtub
3%
1352 Golden Bullet
3%
2238 Golden Clock
3%
3229 Golden Cross Grave Marker
3%
1710 Golden Door
3%
2389 Golden Dresser
3%
3231 Golden Grave Marker
3%
1657 Goldfish Banner
3%
4362 Gold Ladybug
3%
2894 Gold Mouse
3%
4482 Gold Seahorse
3%
4935 Golem Relic
3%
4093 Golf Club (Wedge)
3%
4040 Golf Cup
3%
4095 Golf Whistle
3%
3173 Granite Candle
3%
3176 Granite Chair
3%
3179 Granite Chandelier
3%
3128 Granite Clock
3%
3131 Granite Door
3%
3134 Granite Dresser
3%
3146 Granite Platform
3%
3155 Granite Table
3%
3088 Granite Wall
3%
4615 Grape Juice
3%
4422 Grate
3%
1173 Grave Marker
3%
305 Gravitation Potion
3%
130 Gray Brick Wall
3%
4347 Gray Zapinator
3%
1386 Green Brick Platform
3%
138 Green Brick Wall
3%
592 Green Candy Cane Wall
3%
4246 Green Golf Ball
3%
3250 Green Horseshoe Balloon
3%
200 Green Phaseblade
3%
3766 Green Phasesaber
3%
541 Green Pressure Plate
3%
971 Green Rocket
3%
780 Green Solution
3%
3297 Green String
3%
1957 Grinch Finger Wallpaper
3%
3192 Grubby
3%
1440 Guide Picasso
3%
4767 Guide to Critter Companionship
3%
550 Gungnir
3%
3207 Hallowed Crate
3%
4505 Hallowed Grass Wall
3%
4873 Hallowed Hood
3%
559 Hallowed Mask
3%
369 Hallowed Seeds
3%
4387 Hallowed Torch
3%
5096 Ham Bat
3%
1921 Hand Warmer
3%
3548 Happy Grenade
3%
3275 Hardened Crimsand Block
3%
3274 Hardened Ebonsand Block
3%
3338 Hardened Pearlsand Block
3%
2491 Hardy Saddle
3%
785 Harpy Wings
3%
3977 Hat Rack
3%
4559 Heart Hairpin
3%
2323 Heartreach Potion
3%
3290 Hel-Fire
3%
5128 Helium Moss
3%
5444 Helium Moss Brick
3%
5450 Helium Moss Brick Wall
3%
1659 Hellbat Banner
3%
4845 Hell Butterfly
3%
4874 Hellfire Treads
3%
1660 Herpling Banner
3%
4793 Hexxed Branch
3%
3333 Hive Pack
3%
1129 Hive Wand
3%
1721 Honey Bed
3%
2648 Honey Candle
3%
1707 Honey Chair
3%
2058 Honey Chandelier
3%
2240 Honey Clock
3%
1711 Honey Door
3%
2395 Honey Dresser
3%
2314 Honeyfin
3%
2630 Honey Platform
3%
1717 Honey Table
3%
2932 Hoppin' Jack Banner
3%
2462 Hungerfish
3%
304 Hunter Potion
3%
724 Ice Blade
3%
725 Ice Bow
3%
2934 Ice Golem Banner
3%
4943 Ice Queen Relic
3%
3049 Ichor Campfire
3%
4668 Illuminant Coating
3%
2938 Illuminant Slime Banner
3%
1430 Imbuing Station
3%
2365 Imp Staff
3%
1445 Inferno Fork
3%
297 Invisibility Potion
3%
413 Iridescent Brick
3%
418 Iridescent Brick Wall
3%
680 Ivy Chest
3%
1813 Jack 'O Lantern
3%
1784 Jack 'O Lantern Launcher
3%
4694 Jungle Campfire
3%
3208 Jungle Crate
3%
228 Jungle Hat
3%
230 Jungle Pants
3%
229 Jungle Shirt
3%
4465 Jungle Turtle
3%
2493 King Slime Mask
3%
476 King Statue
3%
341 Lamp Post
3%
3643 Large Amber
3%
4548 Large Bamboo Wall
3%
1526 Large Ruby
3%
1524 Large Sapphire
3%
2795 Laser Machinegun
3%
2943 Lava Bat Banner
3%
3253 Lava Lamp
3%
2944 Lava Slime Banner
3%
3953 Lead Brick
3%
3954 Lead Brick Wall
3%
1448 Lead Fence
3%
3493 Lead Hammer
3%
1178 Leaf Blower
3%
3928 Leinfors' Prehensile Cloak
3%
4616 Lemonade
3%
2345 Lifeforce Potion
3%
561 Light Disc
3%
528 Light Shard
3%
1292 Lihzahrd Altar
3%
2101 Lihzahrd Candelabra
3%
2052 Lihzahrd Candle
3%
1143 Lihzahrd Chair
3%
2195 Lihzahrd Furnace
3%
2089 Lihzahrd Lamp
3%
2041 Lihzahrd Lantern
3%
3906 Lihzahrd Platform
3%
1144 Lihzahrd Table
3%
1145 Lihzahrd Work Bench
3%
4247 Lime Golf Ball
3%
1112 Lime Kelp
3%
3296 Lime String
3%
3584 Living Leaf Wall
3%
2873 Living Ocean Dye
3%
2126 Living Wood Bathtub
3%
2139 Living Wood Bed
3%
2149 Living Wood Candelabra
3%
2153 Living Wood Candle
3%
831 Living Wood Chest
3%
819 Living Wood Door
3%
2131 Living Wood Lamp
3%
2145 Living Wood Lantern
3%
2245 Living Wood Piano
3%
2633 Living Wood Work Bench
3%
4403 Lobster Tail
3%
3603 Logic Gate (AND)
3%
3604 Logic Gate (OR)
3%
2352 Love Potion
3%
5095 Lucy the Axe
3%
3461 Luminite Brick
3%
3567 Luminite Bullet
3%
3572 Lunar Hook
3%
4937 Lunatic Cultist Relic
3%
3357 Lunatic Cultist Trophy
3%
1799 Magical Pumpkin Seed
3%
1595 Magic Cuffs
3%
517 Magic Dagger
3%
3043 Magic Lantern
3%
113 Magic Missile
3%
3782 Magic Sand Dropper
3%
1266 Magnet Sphere
3%
4001 Mana Cloak
3%
3772 Mandible Blade
3%
3082 Marble Wall
3%
968 Marshmallow on a Stick
3%
2814 Martian Chest
3%
2860 Martian Conduit Plating
3%
2864 Martian Dye
3%
4939 Martian Saucer Relic
3%
3358 Martian Saucer Trophy
3%
2826 Martian Work Bench
3%
3619 Mechanical Lens
3%
2799 Mechanical Ruler
3%
2295 Mechanic's Rod
3%
1387 Metal Shelf
3%
123 Meteor Helmet
3%
3180 Meteorite Chest
3%
3129 Meteorite Door
3%
3144 Meteorite Platform
3%
2750 Meteor Staff
3%
4027 Milkshake
3%
2340 Minecart Track
3%
411 Mining Pants
3%
410 Mining Shirt
3%
4457 Mini Nuke I
3%
4458 Mini Nuke II
3%
3534 Mirage Dye
3%
2954 Mister Stabby Banner
3%
4038 Molten Charm
3%
4003 Molten Skull Rose
3%
5091 Monster Meat
3%
5285 Moon Globe
3%
5001 Moon Lord Legs
3%
3373 Moon Lord Mask
3%
3595 Moon Lord Trophy
3%
4679 Morning Star
3%
4941 Mourning Wood Relic
3%
1855 Mourning Wood Trophy
3%
414 Mudstone Brick
3%
419 Mudstone Brick Wall
3%
2538 Mushroom Bed
3%
2540 Mushroom Bookcase
3%
2543 Mushroom Chandelier
3%
2599 Mushroom Clock
3%
2545 Mushroom Dresser
3%
2547 Mushroom Lamp
3%
4921 Mushroom Pylon
3%
756 Mushroom Spear
3%
5293 Mushroom Torch
3%
814 Mushroom Work Bench
3%
567 Music Box (Boss 1)
3%
572 Music Box (Boss 2)
3%
574 Music Box (Boss 3)
3%
4990 Music Box (Duke Fishron)
3%
1609 Music Box (Eclipse)
3%
4985 Music Box (Empress Of Light)
3%
3371 Music Box (Goblin Invasion)
3%
3237 Music Box (Hell)
3%
5044 Music Box (Journey's End)
3%
3235 Music Box (Martian Madness)
3%
3236 Music Box (Pirate Invasion)
3%
1963 Music Box (Pumpkin Moon)
3%
4979 Music Box (Queen Slime)
3%
1596 Music Box (Snow)
3%
4079 Music Box (Space Day)
3%
1597 Music Box (Space Night)
3%
4080 Music Box (Town Day)
3%
4081 Music Box (Town Night)
3%
566 Music Box (Underground)
3%
570 Music Box (Underground Corruption)
3%
2742 Music Box (Underground Crimson)
3%
421 Mythril Brick Wall
3%
379 Mythril Chainmail
3%
384 Mythril Chainsaw
3%
3980 Mythril Crate
3%
377 Mythril Helmet
3%
3107 Nail Gun
3%
3542 Nebula Blaze
3%
2779 Nebula Drill
3%
3527 Nebula Dye
3%
3524 Nebula Hamaxe
3%
2762 Nebula Leggings
3%
3470 Nebula Mantle
3%
1170 Nectar
3%
1968 Negative Paint
3%
5127 Neon Moss
3%
5443 Neon Moss Brick
3%
5449 Neon Moss Brick Wall
3%
2302 Neon Tetra
3%
497 Neptune's Shell
3%
3109 Night Vision Helmet
3%
258 Ninja Pants
3%
257 Ninja Shirt
3%
1947 North Pole
3%
1473 Obsidian Bed
3%
2651 Obsidian Candle
3%
1459 Obsidian Chair
3%
2657 Obsidian Chandelier
3%
2390 Obsidian Dresser
3%
396 Obsidian Horseshoe
3%
3268 Obsidian Pants
3%
2331 Obsidian Swordfish
3%
1460 Obsidian Table
3%
5002 Ocean Crate
3%
2535 Optic Staff
3%
1114 Orange Bloodroot
3%
4248 Orange Golf Ball
3%
4258 Orange Phaseblade
3%
4259 Orange Phasesaber
3%
4348 Orange Zapinator
3%
1197 Orichalcum Chainsaw
3%
1194 Orichalcum Repeater
3%
1192 Orichalcum Sword
3%
1072 Paint Roller
3%
1100 Paint Scraper
3%
2216 Paint Sprayer
3%
1208 Palladium Breastplate
3%
1589 Palladium Column
3%
1590 Palladium Column Wall
3%
1189 Palladium Drill
3%
1206 Palladium Helmet
3%
1188 Palladium Pickaxe
3%
1185 Palladium Sword
3%
2521 Palm Wood Bench
3%
2536 Palm Wood Bookcase
3%
2515 Palm Wood Bow
3%
2523 Palm Wood Candle
3%
2525 Palm Wood Chandelier
3%
2601 Palm Wood Clock
3%
2529 Palm Wood Dresser
3%
2514 Palm Wood Greaves
3%
2516 Palm Wood Hammer
3%
2512 Palm Wood Helmet
3%
2532 Palm Wood Table
3%
2506 Palm Wood Wall
3%
1290 Panic Necklace
3%
4343 Paper Airplane
3%
1673 Parrot Banner
3%
1180 Parrot Cracker
3%
1349 Party Bullet
3%
1984 Party Hair Dye
3%
3732 Party Hat
3%
3339 Pearlsandstone Block
3%
4488 Pearlstone Wall
3%
737 Pearlwood Breastplate
3%
2051 Pearlwood Candle
3%
630 Pearlwood Chair
3%
2061 Pearlwood Chandelier
3%
2602 Pearlwood Clock
3%
649 Pearlwood Dresser
3%
640 Pearlwood Table
3%
637 Pearlwood Work Bench
3%
2959 Penguin Banner
3%
2206 Penguin Cage
3%
3660 Penguin Statue
3%
3746 Pigronata
3%
1674 Pigron Banner
3%
472 Pillar Statue
3%
4294 Pineapple
3%
1385 Pink Brick Platform
3%
1413 Pink Dungeon Door
3%
4249 Pink Golf Ball
3%
834 Pink Ice Block
3%
1113 Pink Prickly Pear
3%
3441 Pirate Captain Banner
3%
878 Pirate Pants
3%
877 Pirate Shirt
3%
2584 Pirate Staff
3%
2468 Pixiefish
3%
5046 Plaguebringer's Cloak
3%
479 Planked Wall
3%
722 Platinum Brick Wall
3%
714 Platinum Candelabra
3%
713 Platinum Candle
3%
712 Platinum Chandelier
3%
3481 Platinum Hammer
3%
4791 Pogo Stick
3%
5278 Pomegranate
3%
5396 Poo Wall
3%
2962 Possessed Armor Banner
3%
4870 Potion of Return
3%
897 Power Glove
3%
865 | 1773 Princess Dress
3%
2223 Pulse Bow
3%
2669 Pumpkin Bed
3%
4942 Pumpking Relic
3%
1844 Pumpkin Moon Medallion
3%
2671 Pumpkin Piano
3%
1796 Pumpkin Platform
3%
2846 Pumpkin Sink
3%
1795 Pumpkin Work Bench
3%
5245 Purity
3%
2330 Purple Clubberfish
3%
4250 Purple Golf Ball
3%
833 Purple Ice Block
3%
201 Purple Phaseblade
3%
3767 Purple Phasesaber
3%
3302 Purple String
3%
1158 Pygmy Necklace
3%
4703 Quad-Barrel Shotgun
3%
2366 Queen Spider Staff
3%
477 Queen Statue
3%
663 Rainbow Brick Wall
3%
5075 Rainbow Cursor
3%
1985 Rainbow Hair Dye
3%
1678 Raincoat Zombie Banner
3%
1135 Rain Hat
3%
4057 Rain Song
3%
2622 Razorblade Typhoon
3%
1679 Reaper Banner
3%
4005 Recon Scope
3%
132 Red Brick Wall
3%
4338 Red Dragonfly
3%
2261 Red Dynasty Shingles
3%
4251 Red Golf Ball
3%
199 Red Phaseblade
3%
678 Red Potion
3%
970 Red Rocket
3%
666 Red's Helmet
3%
668 Red's Leggings
3%
2968 Red Slime Banner
3%
5354 Reflective Shades
3%
4960 Regal Delicacy
3%
5131 Resplendent Dessert
3%
227 Restoration Potion
3%
2269 Revolver
3%
2077 Rich Mahogany Bathtub
3%
645 Rich Mahogany Bed
3%
2026 Rich Mahogany Bookcase
3%
734 Rich Mahogany Breastplate
3%
2098 Rich Mahogany Candelabra
3%
2050 Rich Mahogany Candle
3%
629 Rich Mahogany Chair
3%
2060 Rich Mahogany Chandelier
3%
626 Rich Mahogany Chest
3%
2597 Rich Mahogany Clock
3%
648 Rich Mahogany Dresser
3%
2211 Rich Mahogany Fence
3%
735 Rich Mahogany Greaves
3%
733 Rich Mahogany Helmet
3%
2087 Rich Mahogany Lamp
3%
2038 Rich Mahogany Lantern
3%
642 Rich Mahogany Piano
3%
2829 Rich Mahogany Sink
3%
2399 Rich Mahogany Sofa
3%
639 Rich Mahogany Table
3%
4097 Rich Mahogany Toilet
3%
4390 Rolling Cactus
3%
985 Rope Coil
3%
68 Rotten Chunk
3%
5330 Rubblemaker (Large)
3%
5329 Rubblemaker (Medium)
3%
5324 Rubblemaker (Small)
3%
4455 Ruby Minecart
3%
754 Rune Hat
3%
755 Rune Robe
3%
2969 Rune Wizard Banner
3%
3391 Salamander Banner
3%
607 Sandstone Brick
3%
608 Sandstone Brick Wall
3%
2120 Sandstone Slab
3%
4840 Sapphire Bunny
3%
4853 Sapphire Gemcorn
3%
1972 Sapphire Gemspark Block
3%
4833 Sapphire Squirrel
3%
2427 Sashimi
3%
4394 Scorpio Fish
3%
2157 Scorpion
3%
4480 Seahorse
3%
5003 Seaside Crate
3%
921 Shadewood Sword
3%
927 Shadewood Wall
3%
1444 Shadowbeam Staff
3%
2871 Shadow Dye
3%
3054 Shadowflame Knife
3%
1967 Shadow Paint
3%
3241 Sharkron Balloon
3%
2672 Shark Statue
3%
3198 Sharpening Station
3%
5348 Shimmer Arrow
3%
5352 Shimmer Slime Banner
3%
298 Shine Potion
3%
4035 Shrimp Po' Boy
3%
4764 Shroomerang
3%
2176 Shroomite Digging Claw
3%
171 Sign
3%
3738 Silly Green Balloon
3%
3736 Silly Pink Balloon
3%
3760 Silly Pink Balloon Wall
3%
3737 Silly Purple Balloon
3%
3761 Silly Purple Balloon Wall
3%
446 Skeleton Statue
3%
2107 Skeletron Prime Mask
3%
3024 Skiphs' Blood
3%
347 Skull Lantern
3%
1109 Sky Blue Flower
3%
4252 Sky Blue Golf Ball
3%
3835 Sleepy Octopod
3%
2976 Slimer Banner
3%
440 Slime Statue
3%
3193 Sluggy
3%
1168 Smoke Bomb
3%
3087 Smooth Granite Block
3%
3066 Smooth Marble Block
3%
3083 Smooth Marble Wall
3%
2978 Snow Balla Banner
3%
3756 Snow Cloud
3%
804 Snow Coat
3%
1938 Snow Hat
3%
4489 Snow Wall
3%
2397 Sofa
3%
3526 Solar Dye
3%
2784 Solar Flare Drill
3%
3522 Solar Flare Hamaxe
3%
2355 Sonar Potion
3%
4697 Soul of Flight in a Bottle
3%
4696 Soul of Night in a Bottle
3%
4802 Sparkling Honey
3%
1149 Spear Trap
3%
1543 Spectre Paintbrush
3%
1544 Spectre Paint Roller
3%
1545 Spectre Paint Scraper
3%
1504 Spectre Robe
3%
1798 Spider Egg
3%
2372 Spider Greaves
3%
2370 Spider Mask
3%
2981 Spiked Jungle Slime Banner
3%
1148 Spiky Ball Trap
3%
2982 Splinterling Banner
3%
1833 Spooky Breastplate
3%
1832 Spooky Helmet
3%
1829 Spooky Hook
3%
1834 Spooky Leggings
3%
1831 Spooky Twig
3%
1830 Spooky Wings
3%
1913 Star Anise
3%
3464 Stardust Drill
3%
3529 Stardust Dye
3%
3466 Stardust Pickaxe
3%
4558 Star Hairpin
3%
4923 Starlight
3%
4323 Star Princess Crown
3%
438 Star Statue
3%
862 Star Veil
3%
4715 Stellar Tune
3%
286 Sticky Glowstick
3%
2321 Stinkfish
3%
3001 Strange Brew
3%
3380 Sturdy Fossil
3%
1427 Sunflowers
3%
220 Sunfury
3%
824 Sunplate Block
3%
1146 Super Dart Trap
3%
1687 Swamp Thing Banner
3%
1514 SWAT Helmet
3%
2375 Tackle Box
3%
3202 Target Dummy
3%
1521 Tattered Bee Wing
3%
362 Tattered Cloth
3%
5009 Teacup
3%
1012 Teal Dye
3%
1078 Teal Paint
3%
1969 Team Dye
3%
5008 Teapot
3%
5094 Tentacle Spike
3%
4792 The Black Spot
3%
4541 The Bride Banner
3%
2459 The Fish of Cthulhu
3%
2985 The Groom Banner
3%
5260 This Is Getting Out Of Hand
3%
355 Throne
3%
976 Tiger Climbing Gear
3%
342 Tiki Torch
3%
1981 Time Hair Dye
3%
3499 Tin Hammer
3%
1329 Tissue Sample
3%
1218 Titanium Breastplate
3%
1204 Titanium Chainsaw
3%
1217 Titanium Headgear
3%
1215 Titanium Mask
3%
1199 Titanium Sword
3%
5327 TNT Barrel
3%
3852 Tome of Infinite Wisdom
3%
407 Toolbelt
3%
1923 Toolbox
3%
1971 Topaz Gemspark Block
3%
3105 Toxic Flask
3%
1689 Toxic Sludge Banner
3%
3210 Toxikarp
3%
3239 Trap Door
3%
3665 Trapped Chest
3%
3680 Trapped Corruption Chest
3%
3681 Trapped Crimson Chest
3%
4713 Trapped Desert Chest
3%
3666 Trapped Gold Chest
3%
3887 Trapped Golden Chest
3%
3682 Trapped Hallowed Chest
3%
3683 Trapped Ice Chest
3%
3679 Trapped Jungle Chest
3%
3860 Treasure Bag (Betsy)
3%
3331 Treasure Bag (Lunatic Cultist)
3%
5010 Treasure Magnet
3%
2495 Treasure Map
3%
4765 Tree Globe
3%
4963 Truffle Worm Cage
3%
694 Tungsten Chainmail
3%
3487 Tungsten Hammer
3%
1318 Turtle Leggings
3%
1317 Turtle Scale Mail
3%
4931 Twins Relic
3%
2987 Undead Miner Banner
3%
2988 Undead Viking Banner
3%
3713 Undead Viking Statue
3%
683 Unholy Trident
3%
2471 Unicorn Fish
3%
856 Unicorn on a Stick
3%
1341 Venom Arrow
3%
5135 Venom Dart Trap
3%
2886 Vicious Powder
3%
879 Viking Helmet
3%
3005 Vine Rope Coil
3%
1017 Violet Dye
3%
4254 Violet Golf Ball
3%
1083 Violet Paint
3%
5337 Vital Crystal
3%
2758 Vortex Breastplate
3%
2774 Vortex Drill
3%
3528 Vortex Dye
3%
3523 Vortex Hamaxe
3%
2776 Vortex Pickaxe
3%
1693 Vulture Banner
3%
2105 Wall of Flesh Mask
3%
1365 Wall of Flesh Trophy
3%
4683 Wandering Eye Kite
3%
2359 Warmth Potion
3%
2693 Waterfall Block
3%
2169 Waterfall Wall
3%
3220 Waterleaf Planter Box
3%
5118 Weather Pain
3%
3080 Web Rope Coil
3%
939 Web Slinger
3%
3479 Wedding Dress
3%
2263 White Dynasty Wall
3%
202 White Phaseblade
3%
3768 White Phasesaber
3%
3637 White Team Block
3%
3642 White Team Platform
3%
2244 Wine Glass
3%
1183 Wisp in a Bottle
3%
1989 Womannequin
3%
2827 Wooden Sink
3%
1150 Wooden Spike
3%
845 World Banner
3%
1698 Worm Banner
3%
2997 Wormhole Potion
3%
3653 Worm Statue
3%
1699 Wraith Banner
3%
4378 Xenon Moss
3%
5442 Xenon Moss Brick
3%
5448 Xenon Moss Brick Wall
3%
2797 Xenopopper
3%
4339 Yellow Dragonfly
3%
4255 Yellow Golf Ball
3%
203 Yellow Phaseblade
3%
3769 Yellow Phasesaber
3%
973 Yellow Rocket
3%
612 Yellow Stucco
3%
3640 Yellow Team Platform
3%
3334 Yoyo Glove
3%
4542 Zombie Merman Banner
3%
583 1 Second Timer
1%
1567 Aaron's Breastplate
1%
1566 Aaron's Helmet
1%
1568 Aaron's Leggings
1%
3040 Acid Dye
1%
3055 Acorns
1%
511 Active Stone Block
1%
406 Adamantite Glaive
1%
400 Adamantite Headgear
1%
993 Adamantite Waraxe
1%
3859 Aerial Bane
1%
5357 Aether Campfire
1%
5399 Aetherium Brick Wall
1%
5397 Aetherium Wall
1%
5220 A Horrible Night for Alchemy
1%
1393 Alchemy Lantern
1%
3821 Ale Tosser
1%
3438 Alien Hornet Banner
1%
3436 Alien Larva Banner
1%
3437 Alien Queen Banner
1%
5227 A Machine for Terrarians
1%
2475 Amanita Fungifin
1%
4844 Amber Bunny
1%
4888 Amber Bunny Cage
1%
3650 Amber Gem Lock
1%
1976 Amber Gemspark Block
1%
2677 Amber Gemspark Wall
1%
3251 Amber Horseshoe Balloon
1%
1242 Amber Mosquito
1%
4837 Amber Squirrel
1%
4895 Amber Squirrel Cage
1%
4646 Amber Stone Block
1%
4647 Amber Stone Wall
1%
1495 American Explosive
1%
4882 Amethyst Bunny Cage
1%
3648 Amethyst Gem Lock
1%
1970 Amethyst Gemspark Block
1%
2679 Amethyst Gemspark Wall
1%
4451 Amethyst Minecart
1%
4889 Amethyst Squirrel Cage
1%
4640 Amethyst Stone Block
1%
4490 Amethyst Stone Wall
1%
2344 Ammo Reservation Potion
1%
5417 Ancient Blue Brick
1%
5418 Ancient Blue Brick Wall
1%
3794 Ancient Cloth
1%
5429 Ancient Cobalt Brick
1%
5430 Ancient Cobalt Brick Wall
1%
5427 Ancient Copper Brick
1%
5428 Ancient Copper Brick Wall
1%
3774 Ancient Garments
1%
5423 Ancient Gold Brick
1%
5424 Ancient Gold Brick Wall
1%
955 Ancient Gold Helmet
1%
5419 Ancient Green Brick
1%
5420 Ancient Green Brick Wall
1%
4901 Ancient Hallowed Greaves
1%
4898 Ancient Hallowed Headgear
1%
4897 Ancient Hallowed Helmet
1%
4899 Ancient Hallowed Hood
1%
4896 Ancient Hallowed Mask
1%
4900 Ancient Hallowed Plate Mail
1%
3773 Ancient Headdress
1%
5435 Ancient Hellstone Brick
1%
5436 Ancient Hellstone Brick Wall
1%
5431 Ancient Mythril Brick
1%
5432 Ancient Mythril Brick Wall
1%
959 Ancient Necro Helmet
1%
5434 Ancient Obsidian Brick Wall
1%
5421 Ancient Pink Brick
1%
5422 Ancient Pink Brick Wall
1%
957 Ancient Shadow Scalemail
1%
5425 Ancient Silver Brick
1%
5426 Ancient Silver Brick Wall
1%
3775 Ancient Slacks
1%
4635 Ancient Tablet
1%
4626 Andrew Sphinx
1%
1615 Angler Fish Banner
1%
3721 Angler Tackle Bag
1%
4687 Angry Dandelion Banner
1%
1616 Angry Nimbus Banner
1%
4675 Angry Trapper Kite
1%
3793 Angry Tumbler Banner
1%
789 Ankh Banner
1%
3617 Announcement Box
1%
1617 Anomura Fungus Banner
1%
1618 Antlion Banner
1%
3414 Antlion Charger Banner
1%
5067 Antlion Eggs
1%
4969 Antlion Larva Banner
1%
3413 Antlion Swarmer Banner
1%
468 Anvil Statue
1%
3797 Apprentice's Hat
1%
3798 Apprentice's Robe
1%
3809 Apprentice's Scarf
1%
3799 Apprentice's Trousers
1%
1619 Arapaima Banner
1%
3991 Arcane Flower
1%
251 Archaeologist's Hat
1%
252 Archaeologist's Jacket
1%
253 Archaeologist's Pants
1%
3061 Architect Gizmo Pack
1%
5144 Argon Moss Fishing Bobber
1%
3922 Arkhalis' Bodice
1%
3921 Arkhalis' Hood
1%
3924 Arkhalis' Lightwings
1%
3923 Arkhalis' Tights
1%
3719 Armed Zombie Statue
1%
1620 Armored Skeleton Banner
1%
2898 Armored Viking Banner
1%
360 Armor Statue
1%
4319 Arrow Sign
1%
5214 Ash Grass Seeds
1%
5190 Ash Wood Bathtub
1%
5191 Ash Wood Bed
1%
5192 Ash Wood Bookcase
1%
5282 Ash Wood Bow
1%
5280 Ash Wood Breastplate
1%
5194 Ash Wood Candelabra
1%
5195 Ash Wood Candle
1%
5196 Ash Wood Chair
1%
5197 Ash Wood Chandelier
1%
5198 Ash Wood Chest
1%
5199 Ash Wood Clock
1%
5200 Ash Wood Door
1%
5193 Ash Wood Dresser
1%
5217 Ash Wood Fence
1%
5281 Ash Wood Greaves
1%
5283 Ash Wood Hammer
1%
5279 Ash Wood Helmet
1%
5201 Ash Wood Lamp
1%
5202 Ash Wood Lantern
1%
5203 Ash Wood Piano
1%
5204 Ash Wood Platform
1%
5205 Ash Wood Sink
1%
5206 Ash Wood Sofa
1%
5207 Ash Wood Table
1%
5210 Ash Wood Toilet
1%
5216 Ash Wood Wall
1%
5208 Ash Wood Work Bench
1%
5403 Astra Brick
1%
5411 Astra Brick Wall
1%
5273 Aurora Borealis
1%
1551 Autohammer
1%
465 Axe Statue
1%
3985 Azure Crate
1%
1275 Balla Hat
1%
3731 Balloon Animal
1%
5169 Balloon Bathtub
1%
5170 Balloon Bed
1%
5171 Balloon Bookcase
1%
5173 Balloon Candelabra
1%
5174 Balloon Candle
1%
5175 Balloon Chair
1%
5176 Balloon Chandelier
1%
5177 Balloon Chest
1%
5178 Balloon Clock
1%
5179 Balloon Door
1%
5172 Balloon Dresser
1%
5180 Balloon Lamp
1%
5181 Balloon Lantern
1%
5182 Balloon Piano
1%
5183 Balloon Platform
1%
3225 Balloon Pufferfish
1%
5184 Balloon Sink
1%
5185 Balloon Sofa
1%
5186 Balloon Table
1%
5189 Balloon Toilet
1%
5187 Balloon Work Bench
1%
4566 Bamboo Bathtub
1%
4567 Bamboo Bed
1%
4568 Bamboo Bookcase
1%
4570 Bamboo Candelabra
1%
4573 Bamboo Chandelier
1%
4574 Bamboo Chest
1%
4575 Bamboo Clock
1%
4576 Bamboo Door
1%
4569 Bamboo Dresser
1%
4577 Bamboo Lamp
1%
4578 Bamboo Lantern
1%
4579 Bamboo Piano
1%
4580 Bamboo Platform
1%
4581 Bamboo Sink
1%
4582 Bamboo Sofa
1%
4586 Bamboo Toilet
1%
1714 Banquet Table
1%
1800 Bat Hook
1%
1801 Bat Scepter
1%
300 Battle Potion
1%
1429 Beanie
1%
4605 Bedazzled Nectar
1%
2362 Bee Breastplate
1%
1247 Bee Cloak
1%
842 Bee Hat
1%
2361 Bee Headgear
1%
4426 Bee Minecart
1%
844 Bee Pants
1%
843 Bee Shirt
1%
4468 Beetle Minecart
1%
2280 Beetle Wings
1%
5229 Benny Warhol
1%
3863 Betsy Mask
1%
4948 Betsy Relic
1%
4817 Betsy's Egg
1%
3883 Betsy's Wings
1%
3866 Betsy Trophy
1%
5270 Bifrost
1%
5267 Bioluminescence
1%
1983 Biome Hair Dye
1%
1622 Bird Banner
1%
2166 Bird Cage
1%
4603 Birdie Rattle
1%
464 Bird Statue
1%
1847 Bitter Harvest
1%
3557 Black and White Dye
1%
4284 Blackcurrant
1%
4334 Black Dragonfly
1%
4327 Black Dragonfly Jar
1%
1811 Black Fairy Dust
1%
4996 Black Graduation Cap
1%
4999 Black Graduation Gown
1%
1623 Black Recluse Banner
1%
2156 Black Scorpion
1%
2187 Black Scorpion Cage
1%
2114 Blacksmith Rack
1%
4787 Black Studded Saddle
1%
254 Black Thread
1%
4758 Blade Staff
1%
3211 Bladetongue
1%
995 Blend-O-Matic
1%
5254 Blessing from the Heavens
1%
1931 Blizzard Staff
1%
4663 Bloodbath Dye
1%
1626 Blood Crawler Banner
1%
4545 Blood Eel Banner
1%
1624 Blood Feeder Banner
1%
1625 Blood Jelly Banner
1%
799 Blood Lust Cluster
1%
1848 Blood Moon Countess
1%
4054 Blood Moon Monolith
1%
1372 Blood Moon Rising
1%
4966 Blood Mummy Banner
1%
4544 Blood Squid Banner
1%
4270 Blood Thorn
1%
3477 Blood Water
1%
945 Blood Water Fountain
1%
4728 Bloody Goblet
1%
2477 Bloody Manowar
1%
4621 Bloody Moscato
1%
3720 Blood Zombie Statue
1%
986 Blowgun
1%
3028 Blue Acid Dye
1%
1027 Blue and Black Dye
1%
1903 Blue and Green Lights
1%
1059 Blue and Silver Dye
1%
4368 Blue and Yellow Kite
1%
1905 Blue and Yellow Lights
1%
2900 Blue Armored Bones Banner
1%
2901 Blue Cultist Archer Banner
1%
2903 Blue Cultist Fighter Banner
1%
4328 Blue Dragonfly Jar
1%
2658 Blue Dungeon Bathtub
1%
1470 Blue Dungeon Bed
1%
1414 Blue Dungeon Bookcase
1%
2664 Blue Dungeon Candelabra
1%
1405 Blue Dungeon Candle
1%
1396 Blue Dungeon Chair
1%
2652 Blue Dungeon Chandelier
1%
2614 Blue Dungeon Chest
1%
3900 Blue Dungeon Clock
1%
2386 Blue Dungeon Dresser
1%
2645 Blue Dungeon Lamp
1%
2376 Blue Dungeon Piano
1%
2837 Blue Dungeon Sink
1%
2402 Blue Dungeon Sofa
1%
1397 Blue Dungeon Table
1%
4107 Blue Dungeon Toilet
1%
1408 Blue Dungeon Vase
1%
1398 Blue Dungeon Work Bench
1%
4657 Blue Fairy Jar
1%
1036 Blue Flame and Black Dye
1%
3552 Blue Flame and Silver Dye
1%
1035 Blue Flame Dye
1%
1614 Blue Flare
1%
4041 Blue Flower Seeds
1%
4994 Blue Graduation Cap
1%
4997 Blue Graduation Gown
1%
1956 Bluegreen Wallpaper
1%
2167 Blue Jay Cage
1%
2439 Blue Jellyfish Jar
1%
4649 Blue Jellyfish Kite
1%
4367 Blue Kite
1%
596 Blue Light
1%
1898 Blue Lights
1%
5300 Blue Macaw
1%
5301 Blue Macaw Cage
1%
4499 Blue Mossy Wall
1%
4086 Blue Pin Flag
1%
599 Blue Present
1%
1378 Blue Slab Wall
1%
1269 Blue Stained Glass
1%
4278 Blue Starry Block
1%
4280 Blue Starry Wall
1%
3739 Blue Streamer
1%
1379 Blue Tiled Wall
1%
453 Bomb Statue
1%
2128 Bone Bathtub
1%
2140 Bone Bed
1%
3790 Bone Biter Banner
1%
768 Bone Block Wall
1%
2138 Bone Bookcase
1%
3724 Bone Campfire
1%
2144 Bone Chandelier
1%
2615 Bone Chest
1%
2591 Bone Clock
1%
820 Bone Door
1%
2391 Bone Dresser
1%
1517 Bone Feather
1%
2478 Bonefish
1%
5100 Bone Helm
1%
3378 Bone Javelin
1%
2904 Bone Lee Banner
1%
2381 Bone Piano
1%
1320 Bone Pickaxe
1%
3060 Bone Rattle
1%
4610 Bone Serpent Kite
1%
2831 Bone Sink
1%
3712 Bone Skeleton Statue
1%
2407 Bone Sofa
1%
3379 Bone Throwing Knife
1%
4101 Bone Toilet
1%
1375 Bone Warp
1%
786 Bone Wings
1%
461 Boomerang Statue
1%
2739 Booster Track
1%
462 Boot Statue
1%
4717 Boreal Beam
1%
4406 Boreal Crate
1%
2563 Boreal Wood Lamp
1%
4355 Boulder Statue
1%
357 Bowl of Soup
1%
460 Bow Statue
1%
1877 Bow Topper
1%
4800 Brain in a Jar
1%
3433 Brain Suckler Banner
1%
3987 Bramble Crate
1%
3823 Brand of the Inferno
1%
1390 Brass Lantern
1%
2214 Brick Layer
1%
1778 Bride of Frankenstein Dress
1%
1777 Bride of Frankenstein Mask
1%
1046 Bright Blue Dye
1%
2876 Bright Brown Dye
1%
1044 Bright Cyan Dye
1%
1042 Bright Green Dye
1%
1041 Bright Lime Dye
1%
1039 Bright Orange Dye
1%
1049 Bright Pink Dye
1%
1047 Bright Purple Dye
1%
1038 Bright Red Dye
1%
3558 Bright Silver Dye
1%
1045 Bright Sky Blue Dye
1%
1043 Bright Teal Dye
1%
1048 Bright Violet Dye
1%
1040 Bright Yellow Dye
1%
4599 Bronze Golf Trophy
1%
2875 Brown and Black Dye
1%
2877 Brown and Silver Dye
1%
4350 Brown Moss
1%
4497 Brown Mossy Wall
1%
5394 Brown Solution
1%
3305 Brown String
1%
1591 Bubblegum Block
1%
1592 Bubblegum Block Wall
1%
2158 Bubble Wallpaper
1%
3263 Buccaneer Bandana
1%
3265 Buccaneer Pantaloons
1%
3264 Buccaneer Tunic
1%
5261 Buddies
1%
3255 Buggy Cage
1%
3662 Buggy Statue
1%
2451 Bumblebee Tuna
1%
3730 Bundled Party Balloons
1%
5331 Bundle of Horseshoe Balloons
1%
2162 Bunny Cage
1%
2447 Bunnyfish Trophy
1%
243 Bunny Hood
1%
4612 Bunny Kite
1%
4910 Bunny License
1%
4014 Bunny Stew
1%
4775 Bunny Tail
1%
3597 Burning Hades Dye
1%
4628 Burning Spirit
1%
3400 Butcher Banner
1%
4740 Butcher Mask
1%
4741 Butcher's Bloodstained Apron
1%
4742 Butcher's Bloodstained Pants
1%
3652 Butterfly Statue
1%
2072 Cactus Bathtub
1%
2066 Cactus Bed
1%
2020 Cactus Bookcase
1%
2092 Cactus Candelabra
1%
2045 Cactus Candle
1%
2055 Cactus Chandelier
1%
2592 Cactus Clock
1%
816 Cactus Door
1%
2392 Cactus Dresser
1%
2082 Cactus Lamp
1%
2032 Cactus Lantern
1%
2382 Cactus Piano
1%
2744 Cactus Platform
1%
2854 Cactus Sink
1%
2408 Cactus Sofa
1%
2743 Cactus Table
1%
750 Cactus Wall
1%
812 Cactus Work Bench
1%
1391 Caged Lantern
1%
2324 Calming Potion
1%
1915 Candy Cane Hook
1%
1917 Candy Cane Pickaxe
1%
1950 Candy Cane Wallpaper
1%
929 Cannonball
1%
5058 Capricorn Chestplate
1%
5057 Capricorn Helmet
1%
5059 Capricorn Hooves
1%
5060 Capricorn Tail
1%
2168 Cardinal Cage
1%
2115 Carpentry Rack
1%
1392 Carriage Lantern
1%
2865 Castle Marsberg
1%
1417 Catacomb
1%
2452 Catfish
1%
1749 Cat Mask
1%
1751 Cat Pants
1%
1750 Cat Shirt
1%
5224 Cat Sword
1%
1791 Cauldron
1%
4510 Cave Dirt Wall
1%
4922 Cavern Water Fountain
1%
2221 Celestial Cuffs
1%
2220 Celestial Emblem
1%
1555 Cenx's Breastplate
1%
1588 Cenx's Dress Pants
1%
136 Chain Lantern
1%
2258 Chalice
1%
2317 Chaos Fish
1%
2882 Charged Blaster Cannon
1%
4555 Chef Hat
1%
4557 Chef Pants
1%
4556 Chef Uniform
1%
5328 Chest Lock
1%
463 Chest Statue
1%
4016 Chicken Nugget
1%
344 Chinese Lantern
1%
2792 Chlorophyte Brick
1%
2789 Chlorophyte Brick Wall
1%
1232 Chlorophyte Chainsaw
1%
1231 Chlorophyte Drill
1%
2883 Chlorophyte Dye
1%
1233 Chlorophyte Greataxe
1%
1005 Chlorophyte Greaves
1%
1003 Chlorophyte Headgear
1%
1262 Chlorophyte Jackhammer
1%
1001 Chlorophyte Mask
1%
1228 Chlorophyte Partisan
1%
1004 Chlorophyte Plate Mail
1%
1234 Chlorophyte Warhammer
1%
1916 Christmas Hook
1%
1873 Christmas Tree
1%
1928 Christmas Tree Sword
1%
1948 Christmas Tree Wallpaper
1%
4534 Cinder Wall
1%
5325 Closed Void Bag
1%
3246 Clothier's Jacket
1%
3247 Clothier's Pants
1%
2453 Cloudfish
1%
1631 Clown Banner
1%
503 Clown Hat
1%
505 Clown Pants
1%
504 Clown Shirt
1%
4445 Cluster Rocket I
1%
4446 Cluster Rocket II
1%
371 Cobalt Hat
1%
373 Cobalt Mask
1%
537 Cobalt Naginata
1%
2906 Cochineal Beetle Banner
1%
5319 Cockatiel Statue
1%
4745 Coffin Minecart
1%
3751 Cog Wall
1%
3056 Cold Snap
1%
1487 Cold Waters in the White Land
1%
2444 Compass Rose
1%
2695 Confetti Block
1%
1000 Confetti Gun
1%
2696 Confetti Wall
1%
5238 Constellation
1%
3609 Conveyor Belt (Clockwise)
1%
3610 Conveyor Belt (Counter Clockwise)
1%
2426 Cooked Shrimp
1%
2173 Copper Plating
1%
2432 Copper Plating Wall
1%
4690 Coral Campfire
1%
2435 Coralstone Block
1%
3426 Corite Banner
1%
4670 Corrupt Bunny Kite
1%
4691 Corrupt Campfire
1%
4504 Corrupt Grass Wall
1%
4513 Corrupt Growth Wall
1%
1804 Corruption Key Mold
1%
4514 Corrupt Mass Wall
1%
2907 Corrupt Penguin Banner
1%
4515 Corrupt Pustule Wall
1%
466 Corrupt Statue
1%
4516 Corrupt Tendril Wall
1%
942 Corrupt Water Fountain
1%
5404 Cosmic Ember Brick
1%
5412 Cosmic Ember Brick Wall
1%
4815 Cosmic Skateboard
1%
5263 Couch Gag
1%
4135 Country Club Cap
1%
4137 Country Club Trousers
1%
4136 Country Club Vest
1%
4138 Country Club Visor
1%
873 Cowboy Hat
1%
874 Cowboy Jacket
1%
875 Cowboy Pants
1%
454 Crab Statue
1%
4238 Cracked Blue Brick
1%
4523 Cracked Dirt Wall
1%
4239 Cracked Green Brick
1%
4240 Cracked Pink Brick
1%
4512 Craggy Stone Wall
1%
3393 Crawdad Banner
1%
3428 Crawltipede Banner
1%
4677 Crawltipede Kite
1%
3395 Creature From The Deep Banner
1%
3856 Creeper Egg
1%
1748 Creeper Pants
1%
1747 Creeper Shirt
1%
1635 Crimera Banner
1%
3345 Crimsandstone Wall
1%
1636 Crimson Axe Banner
1%
4520 Crimson Blister Wall
1%
4671 Crimson Bunny Kite
1%
2284 Crimson Cloak
1%
4517 Crimson Crust Wall
1%
4508 Crimson Grass Wall
1%
794 Crimson Greaves
1%
792 Crimson Helmet
1%
1805 Crimson Key Mold
1%
4518 Crimson Scab Wall
1%
793 Crimson Scalemail
1%
4519 Crimson Teeth Wall
1%
2305 Crimson Tigerfish
1%
943 Crimson Water Fountain
1%
4052 Crimstone Brick Wall
1%
4509 Crimstone Wall
1%
458 Cross Statue
1%
1575 Crowno Devours His Lunch
1%
1558 Crowno's Breastplate
1%
1559 Crowno's Leggings
1%
1557 Crowno's Mask
1%
1585 Crowno's Wings
1%
4522 Crumbling Dirt Wall
1%
5252 Crustography
1%
5405 Cryocore Brick
1%
5413 Cryocore Brick Wall
1%
4982 Crystal Assassin Hood
1%
4984 Crystal Assassin Pants
1%
4983 Crystal Assassin Shirt
1%
3895 Crystal Bathtub
1%
3897 Crystal Bed
1%
3234 Crystal Block
1%
3238 Crystal Block Wall
1%
3917 Crystal Bookcase
1%
3893 Crystal Candelabra
1%
3890 Crystal Candle
1%
3889 Crystal Chair
1%
3894 Crystal Chandelier
1%
3884 Crystal Chest
1%
3898 Crystal Clock
1%
3888 Crystal Door
1%
3911 Crystal Dresser
1%
3892 Crystal Lamp
1%
3891 Crystal Lantern
1%
3915 Crystal Piano
1%
3903 Crystal Platform
1%
3896 Crystal Sink
1%
3918 Crystal Sofa
1%
3920 Crystal Table
1%
3792 Crystal Thresher Banner
1%
4124 Crystal Toilet
1%
3051 Crystal Vile Shard
1%
3909 Crystal Work Bench
1%
5365 Cursed Blue Brick Wall
1%
5366 Cursed Blue Slab Wall
1%
5367 Cursed Blue Tiled Wall
1%
2454 Cursedfish
1%
5378 Cursed Flare
1%
5371 Cursed Green Brick Wall
1%
5372 Cursed Green Slab Wall
1%
5373 Cursed Green Tiled Wall
1%
1637 Cursed Hammer Banner
1%
5368 Cursed Pink Brick Wall
1%
5369 Cursed Pink Slab Wall
1%
5370 Cursed Pink Tiled Wall
1%
3057 Cursed Saint
1%
1837 Cursed Sapling
1%
2911 Cursed Skull Banner
1%
1025 Cyan and Black Dye
1%
1057 Cyan and Silver Dye
1%
2912 Cyan Beetle Banner
1%
4245 Cyan Golf Ball
1%
1069 Cyan Gradient Dye
1%
3632 Cyan Weighted Pressure Plate
1%
1743 Cyborg Helmet
1%
1745 Cyborg Pants
1%
1744 Cyborg Shirt
1%
3453 Damage Booster
1%
2329 Dangersense Potion
1%
3874 Dark Artist's Hat
1%
3876 Dark Artist's Leggings
1%
3875 Dark Artist's Robes
1%
783 Dark Blue Solution
1%
1682 Dark Caster Banner
1%
5402 Dark Celestial Brick
1%
5410 Dark Celestial Brick Wall
1%
4680 Dark Harvest
1%
3864 Dark Mage Mask
1%
4946 Dark Mage Relic
1%
4796 Dark Mage's Tome
1%
3867 Dark Mage Trophy
1%
3449 Dark Mummy Banner
1%
1475 Darkness
1%
5087 Dark Side of the Hallow
1%
1476 Dark Soul Reaper
1%
1490 Daylight
1%
1492 Deadland Comes Alive
1%
3402 Deadly Sphere Banner
1%
798 Deathbringer Pickaxe
1%
4142 Decay Chamber
1%
5320 Decorative Healing Potion
1%
5321 Decorative Mana Potion
1%
1090 Deep Teal Paint
1%
5090 Deerclops Eyeball
1%
5109 Deerclops Mask
1%
5110 Deerclops Relic
1%
5108 Deerclops Trophy
1%
3813 Defender's Forge
1%
3982 Defiled Crate
1%
44 Demon Bow
1%
3047 Demon Campfire
1%
4443 Demonic Hellcart
1%
2482 Demonic Hellfish
1%
606 Demonite Brick Wall
1%
1479 Demon's Eye
1%
1979 Depth Hair Dye
1%
2483 Derpfish
1%
1640 Derpling Banner
1%
4689 Desert Campfire
1%
4066 Desert Minecart
1%
3417 Desert Spirit Banner
1%
910 Desert Water Fountain
1%
2113 Destroyer Mask
1%
4561 Devil Horns
1%
2913 Devourer Banner
1%
1456 Diabolic Sigil
1%
2914 Diabolist Banner
1%
1394 Diabolist Lamp
1%
4887 Diamond Bunny Cage
1%
3649 Diamond Gem Lock
1%
1975 Diamond Gemspark Block
1%
2681 Diamond Gemspark Wall
1%
4894 Diamond Squirrel Cage
1%
4645 Diamond Stone Block
1%
4495 Diamond Stone Wall
1%
4127 Diamond Toilet
1%
1496 Discover
1%
825 Disc Wall
1%
3986 Divine Crate
1%
4639 Divine Eye
1%
5385 Dizzy's Rare Gecko Chester
1%
3770 Djinn's Curse
1%
2915 Doctor Bones Banner
1%
5241 Do Not Eat the Vile Mushroom!
1%
1486 Do Not Step on the Grass
1%
2313 Double Cod
1%
3840 Drakin Banner
1%
3430 Drakomire Banner
1%
3429 Drakomire Rider Banner
1%
5240 Dread of the Red Sea
1%
3410 Drippler Banner
1%
3710 Drippler Statue
1%
4738 Dr. Man Fly Mask
1%
4739 Dr. Man Fly's Lab Coat
1%
1853 Dryad Coverings
1%
1426 Dryadisque
1%
1854 Dryad Loincloth
1%
4459 Dry Rocket
1%
1581 D-Town's Breastplate
1%
1580 D-Town's Helmet
1%
1582 D-Town's Leggings
1%
1583 D-Town's Wings
1%
5232 Duality
1%
2165 Duck Cage
1%
2160 Ducky Wallpaper
1%
4936 Duke Fishron Relic
1%
3412 Dune Splicer Banner
1%
3205 Dungeon Crate
1%
2916 Dungeon Slime Banner
1%
2917 Dungeon Spirit Banner
1%
4785 Dusty Rawhide Saddle
1%
1741 Dye Trader Robe
1%
3248 Dye Trader's Turban
1%
2232 Dynasty Bathtub
1%
2231 Dynasty Bed
1%
2233 Dynasty Bookcase
1%
2235 Dynasty Bowl
1%
2236 Dynasty Candle
1%
2228 Dynasty Chair
1%
2230 Dynasty Chest
1%
2237 Dynasty Clock
1%
2234 Dynasty Cup
1%
3912 Dynasty Dresser
1%
2225 Dynasty Lamp
1%
2226 Dynasty Lantern
1%
3916 Dynasty Piano
1%
3919 Dynasty Sofa
1%
2259 Dynasty Table
1%
4117 Dynasty Toilet
1%
2457 Eater of Plankton
1%
994 Eater's Bone
1%
3344 Ebonsandstone Wall
1%
610 Ebonstone Brick Wall
1%
2093 Ebonwood Candelabra
1%
2210 Ebonwood Fence
1%
5291 Echo Wall
1%
1912 Eggnog
1%
2796 Electrosphere Launcher
1%
2918 Elf Archer Banner
1%
2919 Elf Copter Banner
1%
1943 Elf Hat
1%
1945 Elf Pants
1%
1944 Elf Shirt
1%
4533 Ember Wall
1%
4841 Emerald Bunny
1%
4885 Emerald Bunny Cage
1%
3646 Emerald Gem Lock
1%
1973 Emerald Gemspark Block
1%
2683 Emerald Gemspark Wall
1%
4454 Emerald Minecart
1%
4892 Emerald Squirrel Cage
1%
4643 Emerald Stone Block
1%
4493 Emerald Stone Wall
1%
3254 Enchanted Nightcrawler Cage
1%
1642 Enchanted Sword Banner
1%
4346 Encumbering Stone
1%
3627 Engineering Helmet
1%
4019 Escargot
1%
3816 Eternia Crystal Stand
1%
3838 Etherian Goblin Banner
1%
3837 Etherian Goblin Bomber Banner
1%
3845 Etherian Javelin Thrower Banner
1%
3846 Etherian Lightning Bug Banner
1%
3822 Etherian Mana
1%
3844 Etherian Wyvern Banner
1%
1493 Evil Presence
1%
3435 Evolution Beast Banner
1%
1351 Exploding Bullet
1%
1785 Explosive Jack 'O Lantern
1%
1347 Explosive Powder
1%
3833 Explosive Trap Cane
1%
3832 Explosive Trap Rod
1%
3834 Explosive Trap Staff
1%
471 Eyeball Statue
1%
5098 Eye Bone
1%
5101 Eyebrella
1%
5388 Eye of the Sun
1%
1278 Eye Patch
1%
1311 Eye Spring
1%
2920 Eyezor Banner
1%
5239 Eyezorhead
1%
1500 Facing the Cerebral Mastermind
1%
4776 Fairy Glowstick
1%
5219 Fairy Guides
1%
3363 Fallen Tuxedo Pants
1%
3362 Fallen Tuxedo Shirt
1%
2242 Fancy Dishes
1%
4594 Fancy Golf Club (Driver)
1%
4591 Fancy Golf Club (Iron)
1%
4592 Fancy Golf Club (Putter)
1%
4593 Fancy Golf Club (Wedge)
1%
2008 Fancy Gray Wallpaper
1%
4065 Fancy Picnic Table
1%
5256 Fangs
1%
5125 Fart Kart
1%
1442 Father of Someone
1%
4562 Fedora
1%
1951 Festive Wallpaper
1%
1871 Festive Wings
1%
3013 Fetid Baghnakhs
1%
1480 Finding Gold
1%
1993 Firefly in a Bottle
1%
3654 Firefly Statue
1%
5116 Firestarter's Skirt
1%
5115 Firestarter's Sweater
1%
2738 Firework Fountain
1%
1481 First Encounter
1%
250 Fish Bowl
1%
2500 Fish Costume Finskirt
1%
2498 Fish Costume Mask
1%
2499 Fish Costume Shirt
1%
5139 Fishing Bobber
1%
444 Fish Statue
1%
1032 Flame and Black Dye
1%
3550 Flame and Silver Dye
1%
3819 Flameburst Cane
1%
3818 Flameburst Rod
1%
3820 Flameburst Staff
1%
1031 Flame Dye
1%
4822 Flame Waker Boots
1%
2312 Flarefin Koi
1%
1354 Flask of Fire
1%
1358 Flask of Party
1%
1340 Flask of Venom
1%
2074 Flesh Bathtub
1%
763 Flesh Block
1%
770 Flesh Block Wall
1%
2022 Flesh Bookcase
1%
2047 Flesh Candle
1%
2421 Fleshcatcher
1%
2057 Flesh Chandelier
1%
2617 Flesh Chest
1%
2598 Flesh Clock
1%
2193 Flesh Cloning Vat
1%
2640 Flesh Dresser
1%
2084 Flesh Lamp
1%
2246 Flesh Piano
1%
3907 Flesh Platform
1%
3791 Flesh Reaver Banner
1%
2832 Flesh Sink
1%
2634 Flesh Sofa
1%
4102 Flesh Toilet
1%
813 Flesh Work Bench
1%
5054 Floret Protector Helmet
1%
5056 Floret Protector Pants
1%
5055 Floret Protector Shirt
1%
3017 Flower Boots
1%
112 Flower of Fire
1%
1264 Flower of Frost
1%
1542 Flowing Magma
1%
3422 Flow Invader Banner
1%
1579 Flurry Boots
1%
3827 Flying Dragon
1%
4940 Flying Dutchman Relic
1%
3359 Flying Dutchman Trophy
1%
1646 Flying Fish Banner
1%
4662 Fogbound Dye
1%
4552 Fog Machine
1%
4751 FoodBarbarian's Horned Helm
1%
4753 FoodBarbarian's Savage Greaves
1%
4750 FoodBarbarian's Tattered Dragon Wings
1%
4752 FoodBarbarian's Wild Wolf Spaulders
1%
5376 Forbidden Lihzahrd Brick Wall
1%
3776 Forbidden Mask
1%
3777 Forbidden Robes
1%
3778 Forbidden Treads
1%
5272 Forest Troll
1%
3315 Format:C
1%
3376 Fossil Greaves
1%
3374 Fossil Helmet
1%
4059 Fossil Pickaxe
1%
3375 Fossil Plate
1%
1821 Fox Mask
1%
1823 Fox Pants
1%
1822 Fox Shirt
1%
5452 FPV Goggles
1%
4540 Fractured Stone Wall
1%
1648 Frankenstein Banner
1%
4020 Fried Egg
1%
3394 Fritz Banner
1%
2190 Frog Cage
1%
3994 Frog Flipper
1%
3995 Frog Gear
1%
5093 Froggle Bunwich
1%
2423 Frog Leg
1%
3661 Frog Statue
1%
3996 Frog Webbing
1%
3197 Frost Daggerfish
1%
2306 Frost Minnow
1%
4617 Frozen Banana Daiquiri
1%
2076 Frozen Bathtub
1%
2068 Frozen Bed
1%
2031 Frozen Bookcase
1%
3048 Frozen Campfire
1%
2100 Frozen Candelabra
1%
2049 Frozen Candle
1%
2288 Frozen Chair
1%
2059 Frozen Chandelier
1%
2594 Frozen Clock
1%
4814 Frozen Crown
1%
2044 Frozen Door
1%
3913 Frozen Dresser
1%
1807 Frozen Key Mold
1%
2086 Frozen Lamp
1%
2040 Frozen Lantern
1%
2247 Frozen Piano
1%
3908 Frozen Platform
1%
3997 Frozen Shield
1%
2848 Frozen Sink
1%
2635 Frozen Sofa
1%
2248 Frozen Table
1%
4111 Frozen Toilet
1%
2252 Frozen Work Bench
1%
1643 Frozen Zombie Banner
1%
1918 Fruitcake Chakram
1%
4624 Fruit Juice
1%
4736 Full Moon Squeaky Toy
1%
4705 Funeral Coat
1%
4704 Funeral Hat
1%
4706 Funeral Pants
1%
1649 Fungi Bulb Banner
1%
1650 Fungo Fish Banner
1%
1276 Gangsta Hat
1%
450 Gargoyle Statue
1%
5099 Garland
1%
5346 Gas Trap
1%
3855 Gato Egg
1%
4981 Gelatinous Pillion
1%
3561 Gel Dye
1%
5105 Gentleman's Long Beard
1%
5106 Gentleman's Magnificent Beard
1%
5103 Gentleman's Trousers
1%
5102 Gentleman's Vest
1%
3836 Ghastly Glaive
1%
4733 Ghostar's Garb
1%
4730 Ghostar's Infinity Eight
1%
4732 Ghostar's Soul Jar
1%
4734 Ghostar's Tights
1%
5138 Ghostly Stinkbug Blocker
1%
4726 Ghost Manifestation
1%
1752 Ghost Mask
1%
1753 Ghost Shirt
1%
2924 Giant Cursed Skull Banner
1%
2925 Giant Flying Fox Banner
1%
3392 Giant Shelly Banner
1%
1688 Giant Tortoise Banner
1%
2926 Gingerbread Man Banner
1%
3188 Gladiator Breastplate
1%
3189 Gladiator Leggings
1%
2025 Glass Bookcase
1%
2748 Glass Chest
1%
5077 Glass Slipper
1%
5089 Glommer's Flower
1%
451 Gloom Statue
1%
1577 Glorious Night
1%
1374 Glory of the Fire
1%
5140 Glowing Fishing Bobber
1%
3041 Glowing Mushroom Dye
1%
2007 Glowing Snail
1%
2175 Glowing Snail Cage
1%
1653 Goblin Sorcerer Banner
1%
1425 Goblins Playing Poker
1%
5305 Goblorc Ears
1%
3070 Gold Bird Cage
1%
3072 Gold Butterfly Jar
1%
83 Gold Chainmail
1%
4333 Gold Dragonfly Jar
1%
1720 Golden Bed
1%
2137 Golden Bookcase
1%
2151 Golden Candelabra
1%
2133 Golden Lamp
1%
2147 Golden Lantern
1%
3085 Golden Lock Box
1%
2379 Golden Piano
1%
2843 Golden Sink
1%
2405 Golden Sofa
1%
3910 Golden Work Bench
1%
4674 Goldfish Kite
1%
2446 Goldfish Trophy
1%
3073 Gold Frog Cage
1%
4601 Gold Golf Trophy
1%
2893 Gold Grasshopper
1%
3074 Gold Grasshopper Cage
1%
4399 Gold Ladybug Cage
1%
3075 Gold Mouse Cage
1%
4483 Gold Seahorse Cage
1%
3566 Gold Squirrel Cage
1%
4277 Gold Starry Block
1%
4279 Gold Starry Wall
1%
4476 Gold Water Strider Cage
1%
3076 Gold Worm Cage
1%
4265 Golf Chest
1%
4094 Golf Club (Driver)
1%
4039 Golf Club (Iron)
1%
4092 Golf Club (Putter)
1%
1482 Good Morning
1%
1512 Gothic Bookcase
1%
1509 Gothic Chair
1%
1510 Gothic Table
1%
1511 Gothic Work Bench
1%
3316 Gradient
1%
3161 Granite Bathtub
1%
3164 Granite Bed
1%
3167 Granite Bookcase
1%
3170 Granite Candelabra
1%
4719 Granite Column
1%
3407 Granite Elemental Banner
1%
3408 Granite Golem Banner
1%
3718 Granite Golem Statue
1%
3137 Granite Lamp
1%
3140 Granite Lantern
1%
3143 Granite Piano
1%
3149 Granite Sink
1%
3152 Granite Sofa
1%
4122 Granite Toilet
1%
3158 Granite Work Bench
1%
2741 Grasshopper Cage
1%
3657 Grasshopper Statue
1%
4686 Gravedigger Coat
1%
4685 Gravedigger Hat
1%
4725 Graveyard
1%
847 Gravity Banner
1%
5313 Gray Cockatiel
1%
5316 Gray Cockatiel Cage
1%
618 Gray Stucco Wall
1%
4479 Greater Luck Potion
1%
1438 Great Wave
1%
4374 Grebe
1%
4473 Grebe Cage
1%
1023 Green and Black Dye
1%
1055 Green and Silver Dye
1%
1883 Green and White Garland
1%
1887 Green Bulb
1%
4336 Green Dragonfly
1%
4329 Green Dragonfly Jar
1%
2659 Green Dungeon Bathtub
1%
1471 Green Dungeon Bed
1%
1415 Green Dungeon Bookcase
1%
2665 Green Dungeon Candelabra
1%
1406 Green Dungeon Candle
1%
1399 Green Dungeon Chair
1%
2653 Green Dungeon Chandelier
1%
2612 Green Dungeon Chest
1%
3901 Green Dungeon Clock
1%
1412 Green Dungeon Door
1%
2387 Green Dungeon Dresser
1%
2646 Green Dungeon Lamp
1%
2377 Green Dungeon Piano
1%
2838 Green Dungeon Sink
1%
2403 Green Dungeon Sofa
1%
1400 Green Dungeon Table
1%
4108 Green Dungeon Toilet
1%
1409 Green Dungeon Vase
1%
1401 Green Dungeon Work Bench
1%
4656 Green Fairy Jar
1%
1034 Green Flame and Black Dye
1%
3551 Green Flame and Silver Dye
1%
1033 Green Flame Dye
1%
1882 Green Garland
1%
2440 Green Jellyfish Jar
1%
598 Green Light
1%
1897 Green Lights
1%
4349 Green Moss
1%
4496 Green Mossy Wall
1%
4085 Green Pin Flag
1%
600 Green Present
1%
1382 Green Slab Wall
1%
1270 Green Stained Glass
1%
3740 Green Streamer
1%
617 Green Stucco Wall
1%
255 Green Thread
1%
1383 Green Tiled Wall
1%
4024 Grilled Squirrel
1%
3598 Grim Dye
1%
4756 Grox The Great's Chestplate
1%
4757 Grox The Great's Greaves
1%
4755 Grox The Great's Horned Cowl
1%
4754 Grox The Great's Wings
1%
3256 Grubby Cage
1%
3195 Grub Soup
1%
4807 Guardian Golem
1%
5453 Guide to Critter Companionship (Inactive)
1%
5309 Guide to Environmental Preservation
1%
5454 Guide to Environmental Preservation (Inactive)
1%
5323 Guide to Peaceful Coexistence
1%
5455 Guide to Peaceful Coexistence (Inactive)
1%
3068 Guide to Plant Fiber Cordage
1%
2472 Guide Voodoo Fish
1%
1740 Guy Fawkes Mask
1%
3038 Hades Dye
1%
4317 Haemorrhaxe
1%
5257 Hail to the King
1%
4693 Hallowed Campfire
1%
4526 Hallowed Cavern Wall
1%
4528 Hallowed Crystalline Wall
1%
558 Hallowed Headgear
1%
4790 Hallowed Jousting Lance
1%
1806 Hallowed Key Mold
1%
551 Hallowed Plate Mail
1%
4525 Hallowed Prism Wall
1%
4527 Hallowed Shard Wall
1%
944 Hallowed Water Fountain
1%
1849 Hallow's Eve
1%
455 Hammer Statue
1%
787 Hammush
1%
1497 Hand Earth
1%
4863 Hanging Blinkroot
1%
4867 Hanging Brazier
1%
4864 Hanging Corrupt Deathweed
1%
4865 Hanging Crimson Deathweed
1%
4859 Hanging Daybloom
1%
4866 Hanging Fireblossom
1%
1808 Hanging Jack 'O Lantern
1%
4860 Hanging Moonglow
1%
4858 Hanging Pot
1%
4862 Hanging Shiverthorn
1%
1377 Hanging Skeleton
1%
4861 Hanging Waterleaf
1%
5248 Happy Little Tree
1%
3342 Hardened Crimsand Wall
1%
3341 Hardened Ebonsand Wall
1%
3343 Hardened Pearlsand Wall
1%
3340 Hardened Sand Wall
1%
3715 Harpy Statue
1%
1728 Hay Wall
1%
2929 Headless Horseman Banner
1%
5271 Heartlands
1%
5408 Heavenforge Brick
1%
5416 Heavenforge Brick Wall
1%
5146 Helium Moss Fishing Bobber
1%
2930 Hell Armored Bones Banner
1%
1464 Hellbound Banner
1%
4846 Hell Butterfly Jar
1%
1465 Hell Hammer Banner
1%
2931 Hellhound Banner
1%
4878 Hellstone Crate
1%
1466 Helltower Banner
1%
3019 Hellwing Bow
1%
2116 Helmet Rack
1%
3983 Hematic Crate
1%
4546 Hemogoblin Shark Banner
1%
2319 Hemopiranha
1%
1167 Hercules Beetle
1%
247 Hero's Hat
1%
3998 Hero Shield
1%
249 Hero's Pants
1%
248 Hero's Shirt
1%
5226 High Pitch
1%
2373 High Test Fishing Line
1%
1302 High Velocity Bullet
1%
2862 HiTek Sunglasses
1%
5294 Hive-Five
1%
1249 Honey Balloon
1%
2124 Honey Bathtub
1%
2023 Honey Bookcase
1%
2095 Honey Candelabra
1%
2249 Honey Chest
1%
2257 Honey Cup
1%
2204 Honey Dispenser
1%
2502 Honeyed Goggles
1%
2787 Honeyfall Block
1%
2788 Honeyfall Wall
1%
2129 Honey Lamp
1%
2035 Honey Lantern
1%
2255 Honey Piano
1%
4449 Honey Rocket
1%
2844 Honey Sink
1%
2411 Honey Sofa
1%
4113 Honey Toilet
1%
2251 Honey Work Bench
1%
4980 Hook of Dissonance
1%
3406 Hoplite Banner
1%
3717 Hoplite Statue
1%
1661 Hornet Banner
1%
2364 Hornet Staff
1%
2422 Hotline Fishing Hook
1%
5119 Houndius Shootius
1%
3811 Huntress's Buckler
1%
3804 Huntress's Jerkin
1%
3805 Huntress's Pants
1%
3803 Huntress's Wig
1%
2933 Ice Bat Banner
1%
883 Ice Brick
1%
884 Ice Brick Wall
1%
1662 Ice Elemental Banner
1%
1519 Ice Feather
1%
2009 Ice Floe Wallpaper
1%
2198 Ice Machine
1%
2935 Ice Slime Banner
1%
3452 Ice Tortoise Banner
1%
2463 Ichorfish
1%
1663 Icy Merman Banner
1%
941 Icy Water Fountain
1%
2937 Illuminant Bat Banner
1%
3022 Illuminant Hook
1%
1433 Impact
1%
1538 Imp Face
1%
449 Imp Statue
1%
512 Inactive Stone Block
1%
2485 Infected Scabbardfish
1%
2885 Infernal Wisp Dye
1%
5363 Infested Spider Wall
1%
581 Inlet Pump
1%
1065 Intense Blue Flame Dye
1%
1063 Intense Flame Dye
1%
1064 Intense Green Flame Dye
1%
1067 Intense Rainbow Dye
1%
81 Iron Chainmail
1%
4531 Ivy Stone Wall
1%
1812 Jackelier
1%
1846 Jacking Skeletron
1%
1857 Jack 'O Lantern Mask
1%
4629 Jaws of Death
1%
2464 Jewelfish
1%
4811 Jewel of Light
1%
1564 Jim's Breastplate
1%
5290 Jim's Cap
1%
1563 Jim's Helmet
1%
1565 Jim's Leggings
1%
3582 Jim's Wings
1%
4788 Jousting Lance
1%
2001 Julia Butterfly
1%
2185 Julia Butterfly Jar
1%
3616 Junction Box
1%
2939 Jungle Bat Banner
1%
1666 Jungle Creeper Banner
1%
1803 Jungle Key Mold
1%
2940 Jungle Slime Banner
1%
4462 Jungle Turtle Cage
1%
4532 Jungle Vine Wall
1%
940 Jungle Water Fountain
1%
4071 Junonia Shell
1%
1779 Karate Tortoise Mask
1%
1781 Karate Tortoise Pants
1%
1780 Karate Tortoise Shirt
1%
5225 Kargoh's Summon
1%
2278 Kimono
1%
3842 Kobold Banner
1%
3841 Kobold Glider Banner
1%
4676 Koi Kite
1%
2941 Krampus Banner
1%
1955 Krampus Horn Wallpaper
1%
4377 Krypton Moss
1%
5441 Krypton Moss Brick
1%
5447 Krypton Moss Brick Wall
1%
5142 Krypton Moss Fishing Bobber
1%
5451 Kwad Racer Drone
1%
2942 Lac Beetle Banner
1%
4380 Ladybug Cage
1%
4427 Ladybug Minecart
1%
5274 Lady Of The Lake
1%
1501 Lake of Fire
1%
3416 Lamia Banner
1%
3786 Lamia Mask
1%
3784 Lamia Tail
1%
3785 Lamia Wraps
1%
1477 Land
1%
937 Land Mine
1%
2227 Large Dynasty Candle
1%
2224 Large Dynasty Lantern
1%
4869 Large Volcano
1%
2798 Laser Drill
1%
1469 Lava Erupts Banner
1%
2694 Lavafall Block
1%
2170 Lavafall Wall
1%
4847 Lavafly
1%
4848 Lavafly in a Bottle
1%
4354 Lava Moss
1%
5439 Lava Moss Brick
1%
5445 Lava Moss Brick Wall
1%
5141 Lava Moss Fishing Bobber
1%
4881 Lavaproof Fishing Hook
1%
5064 Lavaproof Tackle Bag
1%
4448 Lava Rocket
1%
4880 Lava Serpent Bowl
1%
4420 Lawn Flamingo
1%
4521 Layered Dirt Wall
1%
5062 Lazer Blazer
1%
3228 Lazure's Barrier Platform
1%
3226 Lazure's Valkyrie Circlet
1%
3227 Lazure's Valkyrie Cloak
1%
691 Lead Chainmail
1%
4530 Leafy Jungle Wall
1%
3926 Leinfors' Excessive Style
1%
3927 Leinfors' Fancypants
1%
3925 Leinfors' Hair Protector
1%
3929 Leinfors' Luxury Shampoo
1%
2282 Leopard Skin
1%
1767 Leprechaun Hat
1%
1769 Leprechaun Pants
1%
1768 Leprechaun Shirt
1%
3958 Lesion Bathtub
1%
3959 Lesion Bed
1%
3955 Lesion Block
1%
3956 Lesion Block Wall
1%
3960 Lesion Bookcase
1%
3961 Lesion Candelabra
1%
3962 Lesion Candle
1%
3963 Lesion Chair
1%
3964 Lesion Chandelier
1%
3965 Lesion Chest
1%
3966 Lesion Clock
1%
3967 Lesion Door
1%
3968 Lesion Dresser
1%
3969 Lesion Lamp
1%
3970 Lesion Lantern
1%
3971 Lesion Piano
1%
3957 Lesion Platform
1%
3972 Lesion Sink
1%
3973 Lesion Sofa
1%
3974 Lesion Table
1%
4126 Lesion Toilet
1%
3975 Lesion Work Bench
1%
4477 Lesser Luck Potion
1%
226 Lesser Restoration Potion
1%
4529 Lichen Stone Wall
1%
4632 Life Above the Sand
1%
3454 Life Booster
1%
5384 Life Crystal Boulder
1%
3006 Life Drain
1%
2442 Life Preserver
1%
1488 Lightless Chasms
1%
3450 Light Mummy Banner
1%
3830 Lightning Aura Cane
1%
3829 Lightning Aura Rod
1%
3831 Lightning Aura Staff
1%
2004 Lightning Bug
1%
2005 Lightning Bug in a Bottle
1%
4777 Lightning Carrot
1%
4072 Lightning Whelk Shell
1%
2079 Lihzahrd Bathtub
1%
2069 Lihzahrd Bed
1%
2030 Lihzahrd Bookcase
1%
2062 Lihzahrd Chandelier
1%
1142 Lihzahrd Chest
1%
2595 Lihzahrd Clock
1%
1137 Lihzahrd Door
1%
2396 Lihzahrd Dresser
1%
1154 Lihzahrd Guardian Statue
1%
2385 Lihzahrd Piano
1%
1151 Lihzahrd Pressure Plate
1%
2836 Lihzahrd Sink
1%
2416 Lihzahrd Sofa
1%
1152 Lihzahrd Statue
1%
4106 Lihzahrd Toilet
1%
1153 Lihzahrd Watcher Statue
1%
5130 Lilith's Necklace
1%
1022 Lime and Black Dye
1%
1054 Lime and Silver Dye
1%
3729 Liquid Sensor (Any)
1%
3728 Liquid Sensor (Honey)
1%
3727 Liquid Sensor (Lava)
1%
3726 Liquid Sensor (Water)
1%
2751 Living Cursed Fire Block
1%
2752 Living Demon Fire Block
1%
2869 Living Flame Dye
1%
2753 Living Frost Fire Block
1%
1541 Living Gore
1%
2754 Living Ichor Block
1%
2870 Living Rainbow Dye
1%
2755 Living Ultrabright Fire Block
1%
2135 Living Wood Bookcase
1%
2141 Living Wood Chandelier
1%
2596 Living Wood Clock
1%
3914 Living Wood Dresser
1%
2629 Living Wood Platform
1%
2833 Living Wood Sink
1%
2636 Living Wood Sofa
1%
4099 Living Wood Toilet
1%
1172 Lizard Egg
1%
5230 Lizard King
1%
3663 Logic Gate Lamp (Faulty)
1%
3602 Logic Gate Lamp (Off)
1%
3618 Logic Gate Lamp (On)
1%
3605 Logic Gate (NAND)
1%
3606 Logic Gate (NOR)
1%
3608 Logic Gate (XNOR)
1%
3607 Logic Gate (XOR)
1%
3613 Logic Sensor (Day)
1%
3614 Logic Sensor (Night)
1%
3615 Logic Sensor (Player Above)
1%
3590 Loki's Breastplate
1%
3599 Loki's Dye
1%
3591 Loki's Greaves
1%
3589 Loki's Helmet
1%
3592 Loki's Wings
1%
1467 Lost Hopes of Man Banner
1%
5255 Love is in the Trash Slot
1%
4478 Luck Potion
1%
3568 Luminite Arrow
1%
3472 Luminite Brick Wall
1%
2857 Lunar Cultist Hood
1%
2859 Lunar Cultist Robe
1%
5401 Lunar Rust Brick
1%
5409 Lunar Rust Brick Wall
1%
2902 Lunatic Devotee Banner
1%
5317 Macaw Statue
1%
4042 Magenta Flower Seeds
1%
4363 Maggot
1%
4364 Maggot Cage
1%
3185 Magic Honey Dropper
1%
3184 Magic Lava Dropper
1%
294 Magic Power Potion
1%
3182 Magic Water Dropper
1%
3999 Magma Skull
1%
4849 Magma Snail
1%
4850 Magma Snail Cage
1%
4535 Magma Wall
1%
4000 Magnet Flower
1%
4128 Maid Bonnet
1%
4129 Maid Dress
1%
4130 Maid Shoes
1%
3279 Malaise
1%
2164 Mallard Duck Cage
1%
3455 Mana Booster
1%
1978 Mana Hair Dye
1%
982 Mana Regeneration Band
1%
293 Mana Regeneration Potion
1%
4648 Man Eater Kite
1%
3160 Marble Bathtub
1%
3163 Marble Bed
1%
3166 Marble Bookcase
1%
3169 Marble Candelabra
1%
3172 Marble Candle
1%
3175 Marble Chair
1%
3178 Marble Chandelier
1%
3181 Marble Chest
1%
3127 Marble Clock
1%
4554 Marble Column
1%
3130 Marble Door
1%
3133 Marble Dresser
1%
3136 Marble Lamp
1%
3139 Marble Lantern
1%
3142 Marble Piano
1%
3145 Marble Platform
1%
3148 Marble Sink
1%
3151 Marble Sofa
1%
3154 Marble Table
1%
4123 Marble Toilet
1%
3157 Marble Work Bench
1%
1451 Marching Bones Banner
1%
4995 Maroon Graduation Cap
1%
4998 Maroon Graduation Gown
1%
2866 Martia Lisa
1%
2809 Martian Astro Clock
1%
2810 Martian Bathtub
1%
2811 Martian Bed
1%
2945 Martian Brainscrambler Banner
1%
2813 Martian Chandelier
1%
2861 Martian Conduit Wall
1%
2803 Martian Costume Mask
1%
2805 Martian Costume Pants
1%
2804 Martian Costume Shirt
1%
2815 Martian Door
1%
2816 Martian Dresser
1%
2946 Martian Drone Banner
1%
2947 Martian Engineer Banner
1%
2948 Martian Gigazapper Banner
1%
2949 Martian Gray Grunt Banner
1%
2863 Martian Hair Dye
1%
2817 Martian Holobookcase
1%
2818 Martian Hover Candle
1%
2812 Martian Hover Chair
1%
2819 Martian Lamppost
1%
2820 Martian Lantern
1%
2950 Martian Officer Banner
1%
2821 Martian Piano
1%
2822 Martian Platform
1%
2951 Martian Ray Gunner Banner
1%
2952 Martian Scutlix Gunner Banner
1%
2855 Martian Sink
1%
2823 Martian Sofa
1%
2824 Martian Table
1%
2825 Martian Table Lamp
1%
2953 Martian Tesla Turret Banner
1%
4121 Martian Toilet
1%
2806 Martian Uniform Helmet
1%
2808 Martian Uniform Pants
1%
2807 Martian Uniform Torso
1%
3445 Martian Walker Banner
1%
4321 Master Gamer's Jacket
1%
4322 Master Gamer's Pants
1%
3356 Mechanical Battery Piece
1%
3354 Mechanical Wheel Piece
1%
3405 Medusa Banner
1%
3714 Medusa Statue
1%
4469 Meowmere Minecart
1%
5406 Mercury Brick
1%
5414 Mercury Brick Wall
1%
2418 Mermaid Adornment
1%
2419 Mermaid Tail
1%
2841 Metal Sink
1%
3159 Meteorite Bathtub
1%
3162 Meteorite Bed
1%
3165 Meteorite Bookcase
1%
3168 Meteorite Candelabra
1%
3171 Meteorite Candle
1%
3174 Meteorite Chair
1%
3177 Meteorite Chandelier
1%
3126 Meteorite Clock
1%
3132 Meteorite Dresser
1%
3135 Meteorite Lamp
1%
3138 Meteorite Lantern
1%
3141 Meteorite Piano
1%
3147 Meteorite Sink
1%
3150 Meteorite Sofa
1%
3153 Meteorite Table
1%
3156 Meteorite Work Bench
1%
125 Meteor Leggings
1%
124 Meteor Suit
1%
4141 Meteor Toilet
1%
2697 Midnight Confetti Block
1%
2698 Midnight Confetti Wall
1%
3556 Midnight Rainbow Dye
1%
5262 Midnight Sun
1%
3421 Milkyway Weaver Banner
1%
322 Mime Mask
1%
4067 Minecarp
1%
5289 Minecart Upgrade Kit
1%
3424 Mini Star Cell Banner
1%
4408 Mirage Crate
1%
2465 Mirage Fish
1%
4716 Mollusk Whistle
1%
2590 Molotov Cocktail
1%
1455 Molten Legion Flag
1%
4002 Molten Quiver
1%
2178 Monarch Butterfly Jar
1%
1980 Money Hair Dye
1%
3812 Monk's Belt
1%
3806 Monk's Bushy Brow Bald Cap
1%
3808 Monk's Pants
1%
3807 Monk's Shirt
1%
5092 Monster Lasagna
1%
5243 Moonman & Company
1%
2801 Moon Mask
1%
861 Moon Shell
1%
1850 Morbid Curiosity
1%
5221 Morning Hunt
1%
4976 Moss Hornet Banner
1%
1670 Moth Banner
1%
3397 Mothron Banner
1%
4539 Mottled Stone Wall
1%
2191 Mouse Cage
1%
3658 Mouse Statue
1%
1932 Mrs. Claus Hat
1%
1934 Mrs. Claus Heels
1%
1933 Mrs. Claus Shirt
1%
4701 Mud Bud
1%
2486 Mudfish
1%
1884 Multicolored Bulb
1%
1895 Multicolored Lights
1%
1272 Multicolored Stained Glass
1%
1671 Mummy Banner
1%
870 Mummy Mask
1%
872 Mummy Pants
1%
871 Mummy Shirt
1%
1672 Mushi Ladybug Banner
1%
2537 Mushroom Bathtub
1%
4721 Mushroom Beam
1%
2539 Mushroom Bench
1%
5299 Mushroom Campfire
1%
2541 Mushroom Candelabra
1%
868 Mushroom Cap
1%
2544 Mushroom Chest
1%
4779 Mushroom Hat
1%
4781 Mushroom Pants
1%
2548 Mushroom Piano
1%
2549 Mushroom Platform
1%
2851 Mushroom Sink
1%
2413 Mushroom Sofa
1%
470 Mushroom Statue
1%
4103 Mushroom Toilet
1%
4780 Mushroom Vest
1%
5362 Music Box (Aether)
1%
1600 Music Box (Alt Overworld Day)
1%
4992 Music Box (Alt Title)
1%
1964 Music Box (Alt Underground)
1%
1599 Music Box (Boss 4)
1%
1607 Music Box (Boss 5)
1%
4237 Music Box (Day Remix)
1%
5112 Music Box (Deerclops)
1%
1603 Music Box (Desert)
1%
1605 Music Box (Dungeon)
1%
563 Music Box (Eerie)
1%
4358 Music Box (Graveyard)
1%
1602 Music Box (Ice)
1%
4356 Music Box (Journey's Beginning)
1%
568 Music Box (Jungle)
1%
4606 Music Box (Jungle Night)
1%
3044 Music Box (Lunar Boss)
1%
4991 Music Box (Morning Rain)
1%
1610 Music Box (Mushrooms)
1%
3869 Music Box (Old One's Army)
1%
1606 Music Box (Plantera)
1%
1601 Music Box (Rain)
1%
3796 Music Box (Sandstorm)
1%
4078 Music Box (Slime Rain)
1%
4357 Music Box (Storm)
1%
1608 Music Box (Temple)
1%
571 Music Box (The Hallow)
1%
3370 Music Box (The Towers)
1%
565 Music Box (Title)
1%
5006 Music Box (Underground Desert)
1%
573 Music Box (Underground Hallow)
1%
4421 Music Box (Underground Jungle)
1%
4082 Music Box (Windy Day)
1%
2010 Music Wallpaper
1%
2466 Mutant Flinxfin
1%
5231 My Son
1%
2285 Mysterious Cape
1%
2279 Mystic Robe
1%
390 Mythril Halberd
1%
378 Mythril Hat
1%
992 Mythril Waraxe
1%
4028 Nachos
1%
3403 Nailhead Banner
1%
1350 Nano Bullet
1%
4187 Nebula Bathtub
1%
4188 Nebula Bed
1%
4189 Nebula Bookcase
1%
2761 Nebula Breastplate
1%
4231 Nebula Brick
1%
4235 Nebula Brick Wall
1%
4191 Nebula Candelabra
1%
4192 Nebula Candle
1%
4193 Nebula Chair
1%
4194 Nebula Chandelier
1%
4196 Nebula Clock
1%
4197 Nebula Door
1%
4190 Nebula Dresser
1%
3434 Nebula Floater Banner
1%
3575 Nebula Fragment Block
1%
4198 Nebula Lamp
1%
4199 Nebula Lantern
1%
3537 Nebula Monolith
1%
4200 Nebula Piano
1%
4201 Nebula Platform
1%
4202 Nebula Sink
1%
4203 Nebula Sofa
1%
4204 Nebula Table
1%
4207 Nebula Toilet
1%
4205 Nebula Work Bench
1%
152 Necro Breastplate
1%
153 Necro Greaves
1%
151 Necro Helmet
1%
2956 Necromancer Banner
1%
1845 Necromantic Scroll
1%
1452 Necromantic Sign
1%
2872 Negative Dye
1%
5145 Neon Moss Fishing Bobber
1%
788 Nettle Burst
1%
4723 Nevermore
1%
1244 Nimbus Rod
1%
3596 Not a Kid, nor a Squid
1%
5235 Not So Lost In Paradise
1%
1736 Nurse Hat
1%
1443 Nurse Lisa
1%
1738 Nurse Pants
1%
1737 Nurse Shirt
1%
2957 Nutcracker Banner
1%
4417 Oasis Water Fountain
1%
2662 Obsidian Bathtub
1%
1463 Obsidian Bookcase
1%
2667 Obsidian Candelabra
1%
4877 Obsidian Crate
1%
2644 Obsidian Lamp
1%
2642 Obsidian Lantern
1%
4879 Obsidian Lock Box
1%
3267 Obsidian Longcoat
1%
3266 Obsidian Outlaw Hat
1%
2380 Obsidian Piano
1%
2840 Obsidian Sink
1%
4004 Obsidian Skull Rose
1%
2406 Obsidian Sofa
1%
4110 Obsidian Toilet
1%
1462 Obsidian Vase
1%
4507 Obsidian Wall
1%
1468 Obsidian Watcher Banner
1%
1461 Obsidian Work Bench
1%
2315 Obsidifish
1%
5236 Ocular Resonance
1%
2678 Offline Amber Gemspark Wall
1%
2680 Offline Amethyst Gemspark Wall
1%
2682 Offline Diamond Gemspark Wall
1%
2684 Offline Emerald Gemspark Wall
1%
2686 Offline Ruby Gemspark Wall
1%
2688 Offline Sapphire Gemspark Wall
1%
2690 Offline Topaz Gemspark Wall
1%
3865 Ogre Mask
1%
4947 Ogre Relic
1%
4816 Ogre's Club
1%
3868 Ogre Trophy
1%
1395 Oil Rag Sconce
1%
1498 Old Miner
1%
3839 Old One's Skeleton Banner
1%
4502 Old Stone Wall
1%
791 Omega Banner
1%
1539 Ominous Presence
1%
1020 Orange and Black Dye
1%
1052 Orange and Silver Dye
1%
4337 Orange Dragonfly
1%
4330 Orange Dragonfly Jar
1%
4261 Orange Pressure Plate
1%
4260 Orange Stained Glass
1%
3630 Orange Weighted Pressure Plate
1%
1213 Orichalcum Breastplate
1%
1193 Orichalcum Halberd
1%
1212 Orichalcum Headgear
1%
1211 Orichalcum Helmet
1%
1214 Orichalcum Leggings
1%
1210 Orichalcum Mask
1%
1223 Orichalcum Waraxe
1%
1949 Ornament Wallpaper
1%
4737 Ornate Shadow Key
1%
5033 Otherworldly Music Box (Boss 1)
1%
5032 Otherworldly Music Box (Boss 2)
1%
5025 Otherworldly Music Box (Corruption)
1%
5027 Otherworldly Music Box (Crimson)
1%
5018 Otherworldly Music Box (Desert)
1%
5021 Otherworldly Music Box (Dungeon)
1%
5031 Otherworldly Music Box (Eerie)
1%
5040 Otherworldly Music Box (Hallow)
1%
5029 Otherworldly Music Box (Ice)
1%
5034 Otherworldly Music Box (Invasion)
1%
5038 Otherworldly Music Box (Jungle)
1%
5036 Otherworldly Music Box (Lunar Boss)
1%
5020 Otherworldly Music Box (Mushrooms)
1%
5016 Otherworldly Music Box (Night)
1%
5019 Otherworldly Music Box (Ocean)
1%
5015 Otherworldly Music Box (Overworld Day)
1%
5037 Otherworldly Music Box (Plantera)
1%
5014 Otherworldly Music Box (Rain)
1%
5024 Otherworldly Music Box (Snow)
1%
5022 Otherworldly Music Box (Space)
1%
5035 Otherworldly Music Box (The Towers)
1%
5017 Otherworldly Music Box (Underground)
1%
5026 Otherworldly Music Box (Underground Corruption)
1%
5028 Otherworldly Music Box (Underground Crimson)
1%
5030 Otherworldly Music Box (Underground Hallow)
1%
5023 Otherworldly Music Box (Underworld)
1%
5039 Otherworldly Music Box (Wall of Flesh)
1%
5218 Outcast
1%
582 Outlet Pump
1%
4396 Owl Cage
1%
4397 Owl Statue
1%
2267 Pad Thai
1%
4320 Painted Arrow Sign
1%
5086 Painting of a Lass
1%
4804 Pair of Eyeballs
1%
2958 Paladin Banner
1%
1190 Palladium Chainsaw
1%
1207 Palladium Headgear
1%
1209 Palladium Leggings
1%
1205 Palladium Mask
1%
1186 Palladium Pike
1%
1222 Palladium Waraxe
1%
2519 Palm Wood Bathtub
1%
2513 Palm Wood Breastplate
1%
2522 Palm Wood Candelabra
1%
2526 Palm Wood Chest
1%
2508 Palm Wood Fence
1%
2533 Palm Wood Lamp
1%
2530 Palm Wood Lantern
1%
2531 Palm Wood Piano
1%
2850 Palm Wood Sink
1%
2527 Palm Wood Sofa
1%
4118 Palm Wood Toilet
1%
4774 Panda Ears
1%
1864 Papyrus Scarab
1%
1936 Parka Coat
1%
1935 Parka Hood
1%
1937 Parka Pants
1%
5233 Parsec Pals
1%
3747 Party Center
1%
3749 Party Present
1%
4470 Party Wagon
1%
4618 Peach Sangria
1%
3346 Pearlsandstone Wall
1%
412 Pearlstone Brick
1%
417 Pearlstone Brick Wall
1%
2078 Pearlwood Bathtub
1%
646 Pearlwood Bed
1%
2027 Pearlwood Bookcase
1%
661 Pearlwood Bow
1%
2099 Pearlwood Candelabra
1%
2212 Pearlwood Fence
1%
660 Pearlwood Hammer
1%
2088 Pearlwood Lamp
1%
2039 Pearlwood Lantern
1%
643 Pearlwood Piano
1%
2830 Pearlwood Sink
1%
2400 Pearlwood Sofa
1%
4098 Pearlwood Toilet
1%
3757 Pedguin's Hood
1%
3758 Pedguin's Jacket
1%
3759 Pedguin's Trousers
1%
2467 Pengfish
1%
5117 Pew-matic Horn
1%
3854 Phantom Phoenix
1%
848 Pharaoh's Mask
1%
866 Pharaoh's Robe
1%
3042 Phase Dye
1%
469 Pickaxe Statue
1%
4810 Piece of Moon Squid
1%
4613 Pigron Kite
1%
4428 Pigron Minecart
1%
3716 Pigron Statue
1%
2497 Pillagin' Me Pixels
1%
4619 Piña Colada
1%
1925 Pine Chair
1%
1924 Pine Door
1%
1926 Pine Table
1%
1872 Pine Tree Block
1%
1030 Pink and Black Dye
1%
1062 Pink and Silver Dye
1%
2660 Pink Dungeon Bathtub
1%
1472 Pink Dungeon Bed
1%
1416 Pink Dungeon Bookcase
1%
2666 Pink Dungeon Candelabra
1%
1407 Pink Dungeon Candle
1%
1402 Pink Dungeon Chair
1%
2654 Pink Dungeon Chandelier
1%
2613 Pink Dungeon Chest
1%
3902 Pink Dungeon Clock
1%
2388 Pink Dungeon Dresser
1%
2647 Pink Dungeon Lamp
1%
2378 Pink Dungeon Piano
1%
2839 Pink Dungeon Sink
1%
2404 Pink Dungeon Sofa
1%
1403 Pink Dungeon Table
1%
4109 Pink Dungeon Toilet
1%
1410 Pink Dungeon Vase
1%
1404 Pink Dungeon Work Bench
1%
4655 Pink Fairy Jar
1%
4043 Pink Flower Seeds
1%
3562 Pink Gel Dye
1%
3252 Pink Horseshoe Balloon
1%
2441 Pink Jellyfish Jar
1%
4650 Pink Jellyfish Kite
1%
4132 Pink Maid Bonnet
1%
4133 Pink Maid Dress
1%
4134 Pink Maid Shoes
1%
1380 Pink Slab Wall
1%
979 Pink Snow Coat
1%
978 Pink Snow Hood
1%
980 Pink Snow Pants
1%
3741 Pink Streamer
1%
3636 Pink Team Block
1%
3641 Pink Team Platform
1%
981 Pink Thread
1%
1381 Pink Tiled Wall
1%
3626 Pink Weighted Pressure Plate
1%
5063 Pinstripe Pants
1%
478 Piranha Statue
1%
3443 Pirate Corsair Banner
1%
3444 Pirate Crossbower Banner
1%
3442 Pirate Deadeye Banner
1%
1676 Pirate Deckhand Banner
1%
1315 Pirate Map
1%
3725 Pixel Box
1%
2879 Pixie Dye
1%
1771 Pixie Pants
1%
1770 Pixie Shirt
1%
1485 Place Above the Clouds
1%
5045 Plaguebringer's Skull
1%
5047 Plaguebringer's Treads
1%
4806 Plantera Seedling
1%
4553 Plasma Lamp
1%
697 Platinum Chainmail
1%
244 Plumber's Hat
1%
246 Plumber's Pants
1%
245 Plumber's Shirt
1%
287 Poisoned Knife
1%
3404 Poisonous Spore Banner
1%
2961 Poltergeist Banner
1%
4808 Pork of the Sea
1%
2217 Portable Cement Mixer
1%
3664 Portal Gun Station
1%
4801 Possessed Skull
1%
4030 Potato Chips
1%
456 Potion Statue
1%
474 Pot Statue
1%
4903 Potted Brimstone Bush
1%
5081 Potted Crystal Fern
1%
5082 Potted Crystal Spiral
1%
5083 Potted Crystal Teardrop
1%
5084 Potted Crystal Tree
1%
4906 Potted Ember Tendrils
1%
4904 Potted Fire Brambles
1%
4439 Potted Forest Bamboo
1%
4430 Potted Forest Cedar
1%
4436 Potted Forest Palm
1%
4433 Potted Forest Tree
1%
4441 Potted Hallow Bamboo
1%
4432 Potted Hallow Cedar
1%
4438 Potted Hallow Palm
1%
4435 Potted Hallow Tree
1%
4440 Potted Jungle Bamboo
1%
4431 Potted Jungle Cedar
1%
4437 Potted Jungle Palm
1%
4434 Potted Jungle Tree
1%
4905 Potted Lava Bulb
1%
4902 Potted Magma Palm
1%
1434 Powered by Birds
1%
3432 Predictor Banner
1%
4634 Prehistory Preserved
1%
4598 Premium Golf Club (Driver)
1%
4595 Premium Golf Club (Iron)
1%
4596 Premium Golf Club (Putter)
1%
4597 Premium Golf Club (Wedge)
1%
2963 Present Mimic Banner
1%
3624 Presserator
1%
2492 Pressure Plate Track
1%
5080 Prince Cape
1%
5079 Prince Pants
1%
5085 Princess 64
1%
2307 Princess Fish
1%
1772 Princess Hat
1%
5310 Princess Style
1%
5078 Prince Uniform
1%
4778 Prismatic Dye
1%
4964 Prismatic Lacewing Jar
1%
4623 Prismatic Punch
1%
3401 Psycho Banner
1%
2661 Pumpkin Bathtub
1%
2670 Pumpkin Bookcase
1%
1732 Pumpkin Breastplate
1%
2668 Pumpkin Candelabra
1%
2054 Pumpkin Candle
1%
2656 Pumpkin Chandelier
1%
2603 Pumpkin Clock
1%
2637 Pumpkin Dresser
1%
2643 Pumpkin Lamp
1%
2641 Pumpkin Lantern
1%
1754 Pumpkin Mask
1%
1756 Pumpkin Pants
1%
1755 Pumpkin Shirt
1%
2415 Pumpkin Sofa
1%
4115 Pumpkin Toilet
1%
4373 Pupfish
1%
4398 Pupfish Bowl
1%
909 Pure Water Fountain
1%
1028 Purple and Black Dye
1%
1060 Purple and Silver Dye
1%
1995 Purple Emperor Butterfly
1%
2179 Purple Emperor Butterfly Jar
1%
4353 Purple Moss
1%
4500 Purple Mossy Wall
1%
1118 Purple Mucus
1%
3025 Purple Ooze Dye
1%
4088 Purple Pin Flag
1%
2011 Purple Rain Wallpaper
1%
782 Purple Solution
1%
1267 Purple Stained Glass
1%
3631 Purple Weighted Pressure Plate
1%
4959 Queen Slime Mask
1%
4950 Queen Slime Relic
1%
4958 Queen Slime Trophy
1%
4955 Rabbit Perch
1%
5113 Radio Thing
1%
1454 Ragged Brotherhood Sigil
1%
2965 Ragged Caster Banner
1%
3050 Rainbow Campfire
1%
5379 Rainbow Flare
1%
3045 Rainbow Torch
1%
2012 Rainbow Wallpaper
1%
4296 Rambutan
1%
1576 Rare Enchantment
1%
4376 Rat Cage
1%
2967 Raven Banner
1%
5390 Raynebro's Hood
1%
5386 Raynebro's Hoodie
1%
5387 Raynebro's Pants
1%
1930 Razorpine
1%
1819 Reaper Hood
1%
1820 Reaper Robe
1%
447 Reaper Statue
1%
4724 Reborn
1%
3560 Red Acid Dye
1%
1996 Red Admiral Butterfly
1%
2180 Red Admiral Butterfly Jar
1%
1019 Red and Black Dye
1%
1904 Red and Blue Lights
1%
1888 Red and Green Bulb
1%
1881 Red and Green Garland
1%
1901 Red and Green Lights
1%
1051 Red and Silver Dye
1%
1890 Red and Yellow Bulb
1%
4370 Red and Yellow Kite
1%
1900 Red and Yellow Lights
1%
1885 Red Bulb
1%
3446 Red Devil Banner
1%
4331 Red Dragonfly Jar
1%
4044 Red Flower Seeds
1%
1880 Red Garland
1%
4369 Red Kite
1%
597 Red Light
1%
1896 Red Lights
1%
4351 Red Moss
1%
4498 Red Mossy Wall
1%
4084 Red Pin Flag
1%
3878 Red Riding Dress
1%
3877 Red Riding Hood
1%
3879 Red Riding Leggings
1%
1870 Red Ryder
1%
667 Red's Breastplate
1%
784 Red Solution
1%
3565 Red Squirrel Cage
1%
1271 Red Stained Glass
1%
615 Red Stucco Wall
1%
5148 Reef Bathtub
1%
5149 Reef Bed
1%
5306 Reef Block
1%
5150 Reef Bookcase
1%
5152 Reef Candelabra
1%
5153 Reef Candle
1%
5154 Reef Chair
1%
5155 Reef Chandelier
1%
5156 Reef Chest
1%
5157 Reef Clock
1%
5158 Reef Door
1%
5151 Reef Dresser
1%
5159 Reef Lamp
1%
5160 Reef Lantern
1%
5161 Reef Piano
1%
5162 Reef Platform
1%
5163 Reef Sink
1%
5164 Reef Sofa
1%
5165 Reef Table
1%
5168 Reef Toilet
1%
5307 Reef Wall
1%
5166 Reef Work Bench
1%
3553 Reflective Copper Dye
1%
3190 Reflective Dye
1%
3027 Reflective Gold Dye
1%
3555 Reflective Metal Dye
1%
3554 Reflective Obsidian Dye
1%
3026 Reflective Silver Dye
1%
1907 Reindeer Antlers
1%
4682 Release Doves
1%
4702 Release Lantern
1%
5234 Remnants of Devotion
1%
5286 Repaired Life Crystal
1%
5287 Repaired Mana Crystal
1%
5223 Requiem
1%
5065 Resonance Scepter
1%
4718 Rich Mahogany Beam
1%
3361 Rich Mahogany Leaf Wand
1%
1300 Rifle Scope
1%
4031 Roasted Bird
1%
4032 Roasted Duck
1%
4805 Robotic Skull
1%
1757 Robot Mask
1%
1759 Robot Pants
1%
1758 Robot Shirt
1%
4965 Rock Golem Banner
1%
4761 Rock Golem Head
1%
4402 Rock Lobster
1%
4501 Rocky Dirt Wall
1%
4511 Rough Dirt Wall
1%
5072 Royal Blouse
1%
5073 Royal Dress
1%
4786 Royal Gilded Saddle
1%
5266 Royal Romance
1%
5076 Royal Scepter
1%
5071 Royal Tiara
1%
4842 Ruby Bunny
1%
4886 Ruby Bunny Cage
1%
3644 Ruby Gem Lock
1%
1974 Ruby Gemspark Block
1%
2685 Ruby Gemspark Wall
1%
4893 Ruby Squirrel Cage
1%
4644 Ruby Stone Block
1%
4494 Ruby Stone Wall
1%
1453 Rusted Company Standard
1%
2970 Rusty Armored Bones Banner
1%
4746 Safeman's Blanket Cape
1%
4749 Safeman's Pink Leggings
1%
4748 Safeman's Sun Dress
1%
4747 Safeman's Sunny Day
1%
1277 Sailor Hat
1%
1280 Sailor Pants
1%
1279 Sailor Shirt
1%
4871 Sakura Sapling
1%
4460 Sandcastle Bucket
1%
3780 Sand Elemental Banner
1%
3754 Sandfall Block
1%
3752 Sandfall Wall
1%
3419 Sand Poacher Banner
1%
3789 Sand Shark Banner
1%
4669 Sand Shark Kite
1%
3593 Sand Slime Banner
1%
4298 Sandstone Bathtub
1%
4299 Sandstone Bed
1%
4300 Sandstone Bookcase
1%
4302 Sandstone Candelabra
1%
4303 Sandstone Candle
1%
4304 Sandstone Chair
1%
4305 Sandstone Chandelier
1%
4267 Sandstone Chest
1%
4306 Sandstone Clock
1%
4720 Sandstone Column
1%
4307 Sandstone Door
1%
4301 Sandstone Dresser
1%
4308 Sandstone Lamp
1%
4309 Sandstone Lantern
1%
4310 Sandstone Piano
1%
4311 Sandstone Platform
1%
4312 Sandstone Sink
1%
4313 Sandstone Sofa
1%
4314 Sandstone Table
1%
4316 Sandstone Toilet
1%
4315 Sandstone Work Bench
1%
588 Santa Hat
1%
590 Santa Pants
1%
589 Santa Shirt
1%
4884 Sapphire Bunny Cage
1%
3645 Sapphire Gem Lock
1%
2687 Sapphire Gemspark Wall
1%
4453 Sapphire Minecart
1%
4891 Sapphire Squirrel Cage
1%
4642 Sapphire Stone Block
1%
4492 Sapphire Stone Wall
1%
4033 Sauteed Frog Legs
1%
2429 Scaly Truffle
1%
4393 Scarab Fish
1%
4442 Scarab Fishing Rod
1%
2971 Scarecrow Banner
1%
1788 Scarecrow Hat
1%
1790 Scarecrow Pants
1%
1789 Scarecrow Shirt
1%
5212 Scarlet Macaw
1%
5213 Scarlet Macaw Cage
1%
2186 Scorpion Cage
1%
3655 Scorpion Statue
1%
2972 Scutlix Banner
1%
4474 Seagull Cage
1%
4360 Seagull Statue
1%
4481 Seahorse Cage
1%
2417 Seashell Hairpin
1%
3594 Sea Snail Banner
1%
2496 Seaweed Planter
1%
1491 Secret of the Sands
1%
5250 Secrets
1%
1182 Seedling
1%
5258 See The World For What It Is
1%
3431 Selenian Banner
1%
4760 Sergeant United Shield
1%
3398 Severed Hand Banner
1%
2127 Shadewood Bathtub
1%
920 Shadewood Bed
1%
2136 Shadewood Bookcase
1%
923 Shadewood Bow
1%
925 Shadewood Breastplate
1%
2150 Shadewood Candelabra
1%
2154 Shadewood Candle
1%
915 Shadewood Chair
1%
2142 Shadewood Chandelier
1%
914 Shadewood Chest
1%
2604 Shadewood Clock
1%
912 Shadewood Door
1%
918 Shadewood Dresser
1%
2213 Shadewood Fence
1%
926 Shadewood Greaves
1%
922 Shadewood Hammer
1%
924 Shadewood Helmet
1%
2132 Shadewood Lamp
1%
2146 Shadewood Lantern
1%
919 Shadewood Piano
1%
913 Shadewood Platform
1%
2835 Shadewood Sink
1%
2401 Shadewood Sofa
1%
917 Shadewood Table
1%
4105 Shadewood Toilet
1%
916 Shadewood Work Bench
1%
5322 Shadow Candle
1%
3052 Shadowflame Bow
1%
3600 Shadowflame Hades Dye
1%
3053 Shadowflame Hex Doll
1%
100 Shadow Greaves
1%
102 Shadow Helmet
1%
4789 Shadow Jousting Lance
1%
101 Shadow Scalemail
1%
4651 Shark Kite
1%
2449 Sharkteeth Trophy
1%
5358 Shellphone (Home)
1%
5360 Shellphone (Ocean)
1%
5359 Shellphone (Spawn)
1%
5361 Shellphone (Underworld)
1%
4090 Shell Pile
1%
442 Shield Statue
1%
3535 Shifting Pearlsands Dye
1%
3533 Shifting Sands Dye
1%
5380 Shimmer Flare
1%
1540 Shining Moon
1%
3880 Shinobi Infiltrator's Helmet
1%
3882 Shinobi Infiltrator's Pants
1%
3881 Shinobi Infiltrator's Torso
1%
2490 Ship in a Bottle
1%
2443 Ship's Wheel
1%
1549 Shroomite Breastplate
1%
1546 Shroomite Headgear
1%
1548 Shroomite Helmet
1%
1550 Shroomite Leggings
1%
1547 Shroomite Mask
1%
2794 Shroomite Plating
1%
2791 Shroomite Plating Wall
1%
4450 Shroom Minecart
1%
4813 Shrub Star
1%
4411 Shucked Oyster
1%
5264 Silent Fish
1%
3079 Silk Rope Coil
1%
3742 Silly Balloon Machine
1%
3762 Silly Green Balloon Wall
1%
3735 Silly Sunflower Bottoms
1%
3733 Silly Sunflower Petals
1%
3734 Silly Sunflower Tops
1%
3745 Silly Tied Balloon (Green)
1%
3743 Silly Tied Balloon (Pink)
1%
3744 Silly Tied Balloon (Purple)
1%
3748 Silly Tied Bundle of Balloons
1%
3559 Silver and Black Dye
1%
82 Silver Chainmail
1%
4600 Silver Golf Trophy
1%
1499 Skelehead
1%
2973 Skeleton Archer Banner
1%
2974 Skeleton Commando Banner
1%
2975 Skeleton Sniper Banner
1%
4933 Skeletron Prime Relic
1%
1419 Skellington J Skellingsworth
1%
3587 Skiphs' Bear Butt
1%
3585 Skiphs' Mask
1%
3588 Skiphs' Paws
1%
3586 Skiphs' Skin
1%
1026 Sky Blue and Black Dye
1%
1058 Sky Blue and Silver Dye
1%
3300 Sky Blue String
1%
3206 Sky Crate
1%
3858 Sky Dragon's Fury
1%
3787 Sky Fracture
1%
1494 Sky Guardian
1%
2080 Skyware Bathtub
1%
2070 Skyware Bed
1%
2029 Skyware Bookcase
1%
2102 Skyware Candelabra
1%
2053 Skyware Candle
1%
826 Skyware Chair
1%
2063 Skyware Chandelier
1%
838 Skyware Chest
1%
2606 Skyware Clock
1%
837 Skyware Door
1%
2394 Skyware Dresser
1%
2090 Skyware Lamp
1%
2042 Skyware Lantern
1%
2384 Skyware Piano
1%
2628 Skyware Platform
1%
2834 Skyware Sink
1%
2410 Skyware Sofa
1%
830 Skyware Table
1%
4104 Skyware Toilet
1%
2631 Skyware Work Bench
1%
3258 Slap Hand
1%
3750 Slice of Cake
1%
4551 Slice of Hell Cake
1%
2567 Slime Bathtub
1%
2568 Slime Bed
1%
769 Slime Block Wall
1%
2569 Slime Bookcase
1%
2570 Slime Candelabra
1%
2571 Slime Candle
1%
2572 Slime Chair
1%
2573 Slime Chandelier
1%
2574 Slime Chest
1%
2575 Slime Clock
1%
2576 Slime Door
1%
2577 Slime Dresser
1%
2578 Slime Lamp
1%
2579 Slime Lantern
1%
2580 Slime Piano
1%
2581 Slime Platform
1%
2853 Slime Sink
1%
2582 Slime Sofa
1%
2583 Slime Table
1%
4120 Slime Toilet
1%
815 Slime Work Bench
1%
3257 Sluggy Cage
1%
3089 Smooth Granite Wall
1%
4622 Smoothie of Darkness
1%
4053 Smooth Sandstone Wall
1%
4536 Smouldering Stone Wall
1%
2174 Snail Cage
1%
3656 Snail Statue
1%
790 Snake Banner
1%
4262 Snake Charmer's Flute
1%
4631 Snakes, I Hate Snakes
1%
2977 Snatcher Banner
1%
594 Snow Brick
1%
595 Snow Brick Wall
1%
3755 Snowfall Block
1%
3753 Snowfall Wall
1%
3058 Snowfellas
1%
1954 Snowflake Wallpaper
1%
803 Snow Hood
1%
1946 Snowman Cannon
1%
2979 Snowman Gangsta Banner
1%
805 Snow Pants
1%
4145 Solar Bathtub
1%
4146 Solar Bed
1%
4147 Solar Bookcase
1%
4229 Solar Brick
1%
4233 Solar Brick Wall
1%
4149 Solar Candelabra
1%
4150 Solar Candle
1%
4151 Solar Chair
1%
4152 Solar Chandelier
1%
4154 Solar Clock
1%
2856 Solar Cultist Hood
1%
2858 Solar Cultist Robe
1%
4155 Solar Door
1%
4148 Solar Dresser
1%
3573 Solar Fragment Block
1%
4156 Solar Lamp
1%
4157 Solar Lantern
1%
3539 Solar Monolith
1%
4158 Solar Piano
1%
4159 Solar Platform
1%
4160 Solar Sink
1%
4161 Solar Sofa
1%
4165 Solar Toilet
1%
4163 Solar Work Bench
1%
1422 Something Evil is Watching You
1%
4700 Soul of Fright in a Bottle
1%
4695 Soul of Light in a Bottle
1%
4699 Soul of Might in a Bottle
1%
4698 Soul of Sight in a Bottle
1%
1838 Space Creature Mask
1%
1840 Space Creature Pants
1%
1839 Space Creature Shirt
1%
4986 Sparkle Slime Balloon
1%
2013 Sparkle Stone Wallpaper
1%
2117 Spear Rack
1%
457 Spear Statue
1%
4409 Spectre Goggles
1%
1507 Spectre Hamaxe
1%
2189 Spectre Mask
1%
1505 Spectre Pants
1%
1506 Spectre Pickaxe
1%
823 Spectre Wings
1%
4681 Spectrum Kite
1%
2309 Specular Fish
1%
1986 Speed Hair Dye
1%
5377 Spelunker Flare
1%
5277 Spicy Pepper
1%
3931 Spider Bathtub
1%
3932 Spider Bed
1%
3933 Spider Bookcase
1%
2371 Spider Breastplate
1%
3935 Spider Candelabra
1%
3936 Spider Candle
1%
3937 Spider Chair
1%
3938 Spider Chandelier
1%
3939 Spider Chest
1%
3940 Spider Clock
1%
3941 Spider Door
1%
3934 Spider Dresser
1%
2469 Spiderfish
1%
3942 Spider Lamp
1%
3943 Spider Lantern
1%
4139 Spider Nest Block
1%
4140 Spider Nest Wall
1%
3944 Spider Piano
1%
3945 Spider Platform
1%
3946 Spider Sink
1%
3947 Spider Sofa
1%
3948 Spider Table
1%
4125 Spider Toilet
1%
4503 Spider Wall
1%
3949 Spider Work Bench
1%
5332 Spiffo Plush
1%
2980 Spiked Ice Slime Banner
1%
3779 Spirit Flame
1%
2081 Spooky Bathtub
1%
2071 Spooky Bed
1%
2028 Spooky Bookcase
1%
2103 Spooky Candelabra
1%
2650 Spooky Candle
1%
1814 Spooky Chair
1%
2064 Spooky Chandelier
1%
2620 Spooky Chest
1%
2605 Spooky Clock
1%
1815 Spooky Door
1%
2393 Spooky Dresser
1%
2091 Spooky Lamp
1%
2043 Spooky Lantern
1%
2383 Spooky Piano
1%
2847 Spooky Sink
1%
2409 Spooky Sofa
1%
1816 Spooky Table
1%
4116 Spooky Toilet
1%
1818 Spooky Wood Platform
1%
1730 Spooky Wood Wall
1%
1817 Spooky Work Bench
1%
4968 Spore Bat Banner
1%
3336 Spore Sac
1%
4967 Spore Skeleton Banner
1%
1686 Spore Zombie Banner
1%
2983 Squid Banner
1%
1953 Squiggles Wallpaper
1%
3800 Squire's Great Helm
1%
3802 Squire's Greaves
1%
3801 Squire's Plating
1%
3810 Squire's Shield
1%
2163 Squirrel Cage
1%
3651 Squirrel Statue
1%
3427 Sroller Banner
1%
4538 Stalactite Stone Wall
1%
4006 Stalker's Quiver
1%
3425 Star Cell Banner
1%
4208 Stardust Bathtub
1%
4209 Stardust Bed
1%
4210 Stardust Bookcase
1%
4232 Stardust Brick
1%
4236 Stardust Brick Wall
1%
4212 Stardust Candelabra
1%
4213 Stardust Candle
1%
4214 Stardust Chair
1%
4215 Stardust Chandelier
1%
4217 Stardust Clock
1%
4218 Stardust Door
1%
4211 Stardust Dresser
1%
3576 Stardust Fragment Block
1%
3525 Stardust Hamaxe
1%
4219 Stardust Lamp
1%
4220 Stardust Lantern
1%
3538 Stardust Monolith
1%
4221 Stardust Piano
1%
3382 Stardust Plate
1%
4222 Stardust Platform
1%
4223 Stardust Sink
1%
4224 Stardust Sofa
1%
4225 Stardust Table
1%
4228 Stardust Toilet
1%
4226 Stardust Work Bench
1%
4297 Star Fruit
1%
3420 Stargazer Banner
1%
2014 Starlit Heaven Wallpaper
1%
4324 Star Princess Dress
1%
5407 Star Royale Brick
1%
5415 Star Royale Brick Wall
1%
1439 Starry Night
1%
1952 Stars Wallpaper
1%
1874 Star Topper 1
1%
1875 Star Topper 2
1%
1876 Star Topper 3
1%
3623 Static Hook
1%
2125 Steampunk Bathtub
1%
1722 Steampunk Bed
1%
2203 Steampunk Boiler
1%
2024 Steampunk Bookcase
1%
2096 Steampunk Candelabra
1%
2649 Steampunk Candle
1%
1708 Steampunk Chair
1%
2655 Steampunk Chandelier
1%
2250 Steampunk Chest
1%
2241 Steampunk Clock
1%
1712 Steampunk Door
1%
2638 Steampunk Dresser
1%
1742 Steampunk Goggles
1%
839 Steampunk Hat
1%
2130 Steampunk Lamp
1%
2036 Steampunk Lantern
1%
4472 Steampunk Minecart
1%
841 Steampunk Pants
1%
2256 Steampunk Piano
1%
2627 Steampunk Platform
1%
840 Steampunk Shirt
1%
2845 Steampunk Sink
1%
2412 Steampunk Sofa
1%
1718 Steampunk Table
1%
4114 Steampunk Toilet
1%
2253 Steampunk Work Bench
1%
4909 Sticky Dirt Bomb
1%
4729 Still Life
1%
5137 Stinkbug Blocker
1%
5133 Stinkbug Cage
1%
2353 Stink Potion
1%
3984 Stockade Crate
1%
4962 Stone Accent Slab
1%
4415 Stone Door
1%
2433 Stone Slab Wall
1%
3440 Storm Diver Banner
1%
4061 Storm Spear
1%
5249 Strange Dead Fellows
1%
1181 Strange Glowing Mushroom
1%
5247 Strange Growth
1%
4659 Study of a Ball at Rest
1%
3352 Stylish Scissors
1%
5246 Sufficiently Advanced
1%
1919 Sugar Cookie
1%
1868 Sugar Plum
1%
1998 Sulphur Butterfly
1%
2182 Sulphur Butterfly Jar
1%
242 Summer Hat
1%
846 Sun Banner
1%
4429 Sunflower Minecart
1%
475 Sunflower Statue
1%
2802 Sun Mask
1%
3899 Sunplate Clock
1%
5244 Sunshine of Israpony
1%
4828 Superheated Blood
1%
4653 Superhero Costume
1%
4652 Superhero Mask
1%
4654 Superhero Tights
1%
4798 Suspicious Grinning Eye
1%
5222 Suspiciously Sparkly
1%
1578 Sweetheart Necklace
1%
2448 Swordfish Trophy
1%
2118 Sword Rack
1%
439 Sword Statue
1%
4809 Tablet Fragment
1%
2984 Tactical Skeleton Banner
1%
3240 Tall Gate
1%
4048 Tall Grass Seeds
1%
869 Tam O' Shanter
1%
1797 Tattered Fairy Wings
1%
4710 Tattered Wood Sign
1%
3242 Tax Collector's Hat
1%
3244 Tax Collector's Pants
1%
3243 Tax Collector's Suit
1%
1024 Teal and Black Dye
1%
1056 Teal and Silver Dye
1%
4253 Teal Golf Ball
1%
3707 Teal Pressure Pad
1%
3298 Teal String
1%
1982 Team Hair Dye
1%
796 Tendon Bow
1%
3020 Tendon Hook
1%
5228 Terra Blade Chronicles
1%
1428 Terrarian Gothic
1%
5123 The Bereaved
1%
1573 The Creation of the Guide
1%
1420 The Cursed Man
1%
326 The Doctor's Pants
1%
325 The Doctor's Shirt
1%
4661 The Duplicity of Reflections
1%
4471 The Dutchman
1%
1421 The Eye Sees the End
1%
5122 The Firestarter
1%
5121 The Gentleman Scientist
1%
1441 The Guardian's Gaze
1%
1373 The Hanged Man
1%
1489 The Land of Deceiving Looks
1%
1574 The Merchant
1%
1436 The Persistency of Eyes
1%
3399 The Possessed Banner
1%
4658 The Rolling Greens
1%
4630 The Sands of Slime
1%
1424 The Screamer
1%
3059 The Season
1%
5124 The Strongman
1%
2867 The Truth Is Up There
1%
1423 The Twins Have Awoken
1%
4391 Thin Ice
1%
3021 Thorn Hook
1%
1484 Through the Window
1%
5251 Thunderbolt
1%
4062 Thunder Zapper
1%
864 Tiara
1%
2281 Tiger Skin
1%
1159 Tiki Mask
1%
1161 Tiki Pants
1%
1160 Tiki Shirt
1%
1171 Tiki Totem
1%
2986 Tim Banner
1%
5052 Timeless Traveler's Cloak
1%
5053 Timeless Traveler's Footwear
1%
5051 Timeless Traveler's Hood
1%
2339 Tin Can
1%
688 Tin Chainmail
1%
2692 Tin Plating
1%
2691 Tin Plating Wall
1%
3981 Titanium Crate
1%
1200 Titanium Trident
1%
1224 Titanium Waraxe
1%
1593 Titanstone Block
1%
1594 Titanstone Block Wall
1%
3411 Tomb Crawler Banner
1%
4839 Topaz Bunny
1%
4883 Topaz Bunny Cage
1%
3647 Topaz Gem Lock
1%
2689 Topaz Gemspark Wall
1%
4452 Topaz Minecart
1%
4890 Topaz Squirrel Cage
1%
4641 Topaz Stone Block
1%
4491 Topaz Stone Wall
1%
5311 Toucan
1%
5314 Toucan Cage
1%
5318 Toucan Statue
1%
4794 Toy Tank
1%
4707 Tragic Umbrella
1%
5209 Trapped Ash Wood Chest
1%
5188 Trapped Balloon Chest
1%
4585 Trapped Bamboo Chest
1%
3693 Trapped Blue Dungeon Chest
1%
3694 Trapped Bone Chest
1%
3689 Trapped Boreal Wood Chest
1%
3695 Trapped Cactus Chest
1%
3886 Trapped Crystal Chest
1%
3684 Trapped Dynasty Chest
1%
3668 Trapped Ebonwood Chest
1%
3696 Trapped Flesh Chest
1%
3672 Trapped Frozen Chest
1%
1478 Trapped Ghost
1%
3700 Trapped Glass Chest
1%
4266 Trapped Golf Chest
1%
3703 Trapped Granite Chest
1%
3691 Trapped Green Dungeon Chest
1%
3685 Trapped Honey Chest
1%
3671 Trapped Ivy Chest
1%
3976 Trapped Lesion Chest
1%
3677 Trapped Lihzahrd Chest
1%
3673 Trapped Living Wood Chest
1%
3704 Trapped Marble Chest
1%
3701 Trapped Martian Chest
1%
3702 Trapped Meteorite Chest
1%
3688 Trapped Mushroom Chest
1%
4206 Trapped Nebula Chest
1%
3697 Trapped Obsidian Chest
1%
3687 Trapped Palm Wood Chest
1%
3670 Trapped Pearlwood Chest
1%
3692 Trapped Pink Dungeon Chest
1%
3698 Trapped Pumpkin Chest
1%
5167 Trapped Reef Chest
1%
3669 Trapped Rich Mahogany Chest
1%
4268 Trapped Sandstone Chest
1%
3675 Trapped Shadewood Chest
1%
3667 Trapped Shadow Chest
1%
3674 Trapped Skyware Chest
1%
3690 Trapped Slime Chest
1%
4164 Trapped Solar Chest
1%
3950 Trapped Spider Chest
1%
3699 Trapped Spooky Chest
1%
4227 Trapped Stardust Chest
1%
3686 Trapped Steampunk Chest
1%
4185 Trapped Vortex Chest
1%
3678 Trapped Water Chest
1%
3676 Trapped Web Covered Chest
1%
5375 Treacherous Hardened Sand Wall
1%
5374 Treacherous Sandstone Wall
1%
1852 Treasure Hunter Pants
1%
1851 Treasure Hunter Shirt
1%
1940 Tree Mask
1%
1999 Tree Nymph Butterfly
1%
2183 Tree Nymph Butterfly Jar
1%
1941 Tree Shirt
1%
467 Tree Statue
1%
1942 Tree Trunks
1%
5298 Trimarang
1%
1502 Trio Super Heroes
1%
2488 Tropical Barracuda
1%
4620 Tropical Smoothie
1%
2297 Trout
1%
4073 Tulip Shell
1%
2470 Tundra Trout
1%
4461 Turtle Cage
1%
4466 Turtle Statue
1%
241 Tuxedo Pants
1%
240 Tuxedo Shirt
1%
3039 Twilight Dye
1%
3259 Twilight Hair Dye
1%
3423 Twinkle Popper Banner
1%
2106 Twin Mask
1%
1939 Ugly Sweater
1%
3723 Ultrabright Campfire
1%
4008 Ultrabright Helmet
1%
4636 Uluru
1%
1997 Ulysses Butterfly
1%
2181 Ulysses Butterfly Jar
1%
1243 Umbrella Hat
1%
1690 Umbrella Slime Banner
1%
5391 Uncumbering Stone
1%
1483 Underground Reward
1%
423 Unholy Water
1%
1437 Unicorn Crossing the Hallows
1%
4684 Unicorn Kite
1%
1760 Unicorn Mask
1%
1762 Unicorn Pants
1%
1761 Unicorn Shirt
1%
2884 Unicorn Wisp Dye
1%
1810 Unlucky Yarn
1%
5356 Used Gas Trap
1%
3872 Valhalla Knight's Breastplate
1%
3873 Valhalla Knight's Greaves
1%
3871 Valhalla Knight's Helm
1%
3288 Valkyrie Yoyo
1%
3317 Valor
1%
1763 Vampire Mask
1%
1765 Vampire Pants
1%
1764 Vampire Shirt
1%
2311 Variegated Lardfish
1%
1342 Venom Bullet
1%
1339 Vial of Venom
1%
4970 Vicious Bunny Banner
1%
4971 Vicious Goldfish Banner
1%
4972 Vicious Penguin Banner
1%
4709 Victorian Goth Dress
1%
4708 Victorian Goth Hat
1%
5061 Video Visage
1%
5269 Viking Voyage
1%
1029 Violet and Black Dye
1%
1061 Violet and Silver Dye
1%
4046 Violet Flower Seeds
1%
1070 Violet Gradient Dye
1%
3303 Violet String
1%
4637 Visiting the Pyramids
1%
4318 Void Monolith
1%
4076 Void Vault
1%
4987 Volatile Gelatin
1%
4166 Vortex Bathtub
1%
4167 Vortex Bed
1%
4168 Vortex Bookcase
1%
4230 Vortex Brick
1%
4234 Vortex Brick Wall
1%
4170 Vortex Candelabra
1%
4171 Vortex Candle
1%
4172 Vortex Chair
1%
4173 Vortex Chandelier
1%
4175 Vortex Clock
1%
4176 Vortex Door
1%
4169 Vortex Dresser
1%
3574 Vortex Fragment Block
1%
3439 Vortexian Banner
1%
4177 Vortex Lamp
1%
4178 Vortex Lantern
1%
3536 Vortex Monolith
1%
4179 Vortex Piano
1%
4180 Vortex Platform
1%
4181 Vortex Sink
1%
4182 Vortex Sofa
1%
4183 Vortex Table
1%
4186 Vortex Toilet
1%
4184 Vortex Work Bench
1%
5136 Vulkelf Ears
1%
2445 Wall Anchor
1%
1685 Wall Creeper Banner
1%
3708 Wall Creeper Statue
1%
4930 Wall of Flesh Relic
1%
1376 Wall Skeleton
1%
4977 Wandering Eye Banner
1%
4543 Wandering Eye Fish Banner
1%
5050 Wandering Geta
1%
5048 Wandering Jingasa
1%
5049 Wandering Yukata
1%
45 War Axe of the Night
1%
3814 War Table
1%
3815 War Table Banner
1%
1155 Wasp Gun
1%
4627 Watchful Antlion
1%
4475 Water Strider Cage
1%
4524 Wavy Dirt Wall
1%
2699 Weapon Rack
1%
4075 Weather Vane
1%
952 Web Covered Chest
1%
3478 Wedding Veil
1%
4447 Wet Rocket
1%
5259 What Lurks Below
1%
1894 White and Green Bulb
1%
1892 White and Red Bulb
1%
1879 White and Red Garland
1%
1893 White and Yellow Bulb
1%
1891 White Bulb
1%
2989 White Cultist Archer Banner
1%
2990 White Cultist Caster Banner
1%
2991 White Cultist Fighter Banner
1%
4047 White Flower Seeds
1%
1878 White Garland
1%
4344 White Paper Airplane
1%
4083 White Pin Flag
1%
5393 White Solution
1%
1289 White Tuxedo Pants
1%
1288 White Tuxedo Shirt
1%
4727 Wicked Undead
1%
5268 Wildflowers
1%
4241 Wild Flower Seeds
1%
1561 Will's Breastplate
1%
1560 Will's Helmet
1%
1562 Will's Leggings
1%
1584 Will's Wings
1%
5237 Wings of Evil
1%
2287 Winter Cape
1%
3629 Wire Bulb
1%
2878 Wisp Dye
1%
1776 Witch Boots
1%
1775 Witch Dress
1%
1766 Witch Hat
1%
3843 Wither Beast Banner
1%
1739 Wizard's Hat
1%
1841 Wolf Mask
1%
1843 Wolf Pants
1%
1842 Wolf Shirt
1%
448 Woman Statue
1%
1697 World Feeder Banner
1%
4611 World Feeder Kite
1%
4766 World Globe
1%
2207 Worm Cage
1%
3023 Worm Hook
1%
4590 Worn Golf Club (Driver)
1%
4587 Worn Golf Club (Iron)
1%
4588 Worn Golf Club (Putter)
1%
4589 Worn Golf Club (Wedge)
1%
4537 Worn Stone Wall
1%
3711 Wraith Statue
1%
4799 Writhing Remains
1%
4424 Wrought Iron Fence
1%
2473 Wyverntail
1%
5143 Xenon Moss Fishing Bobber
1%
1021 Yellow and Black Dye
1%
1889 Yellow and Green Bulb
1%
1902 Yellow and Green Lights
1%
1053 Yellow and Silver Dye
1%
1886 Yellow Bulb
1%
5312 Yellow Cockatiel
1%
5315 Yellow Cockatiel Cage
1%
4332 Yellow Dragonfly Jar
1%
4045 Yellow Flower Seeds
1%
1068 Yellow Gradient Dye
1%
4371 Yellow Kite
1%
1899 Yellow Lights
1%
4087 Yellow Pin Flag
1%
601 Yellow Present
1%
5392 Yellow Solution
1%
1268 Yellow Stained Glass
1%
616 Yellow Stucco Wall
1%
4907 Yellow Willow Sapling
1%
2993 Yeti Banner
1%
3583 Yoraiz0r's Recolored Goggles
1%
3581 Yoraiz0r's Scowl
1%
3579 Yoraiz0r's Skirt
1%
3580 Yoraiz0r's Spell
1%
3578 Yoraiz0r's Uniform
1%
5242 Yuuma, The Blue Tiger
1%
2283 Zebra Skin
1%
2000 Zebra Swallowtail Butterfly
1%
2184 Zebra Swallowtail Butterfly Jar
1%
2994 Zombie Elf Banner
1%
No matching quizzes found
Score Distribution
Percent of People with Each Score
Percentile by Number Answered
Your Score History
You have not taken this quiz